<?xml version="1.0" encoding="UTF-8"?>
<record
    xmlns:xsi="http://www.w3.org/2001/XMLSchema-instance"
    xsi:schemaLocation="http://www.loc.gov/MARC21/slim http://www.loc.gov/standards/marcxml/schema/MARC21slim.xsd"
    xmlns="http://www.loc.gov/MARC21/slim">

  <leader>01798nas a2200241 454500</leader>
  <controlfield tag="001">24224</controlfield>
  <controlfield tag="005">20260407193506.0</controlfield>
  <controlfield tag="008">260407s1973####ag###########|||spa#d</controlfield>
  <controlfield tag="003">AR-UNSa-BCEJYS</controlfield>
  <datafield tag="040" ind1=" " ind2=" ">
    <subfield code="a">AR-UNSa-BCEJYS</subfield>
    <subfield code="b">spa</subfield>
    <subfield code="c">AR-UNSa-BCEJYS</subfield>
  </datafield>
  <datafield tag="080" ind1=" " ind2=" ">
    <subfield code="a">338</subfield>
    <subfield code="x">Situaci&#xF3;n econ&#xF3;mica. Pol&#xED;tica econ&#xF3;mica. Gesti&#xF3;n de la econom&#xED;a. Planificaci&#xF3;n de la econom&#xED;a. Producci&#xF3;n. Servicios. Precios</subfield>
  </datafield>
  <datafield tag="245" ind1="1" ind2="0">
    <subfield code="a">Bolet&#xED;n semanal del Ministerio de Econom&#xED;a</subfield>
    <subfield code="p">S&#xED;ntesis de informaciones y comentarios</subfield>
  </datafield>
  <datafield tag="022" ind1=" " ind2=" ">
    <subfield code="a">0325-383X</subfield>
  </datafield>
  <datafield tag="264" ind1=" " ind2="1">
    <subfield code="a">Buenos Aires :</subfield>
    <subfield code="b">Ministerio de Econom&#xED;a</subfield>
    <subfield code="c">1973</subfield>
  </datafield>
  <datafield tag="310" ind1=" " ind2=" ">
    <subfield code="a">Frecuencia: Semanal
Editor Var&#xED;a:
Argentina. Ministerio de Econom&#xED;a. Secretar&#xED;a de Estado de Programaci&#xF3;n y Coordinaci&#xF3;n Econ&#xF3;mica. Subsecretar&#xED;a de Coordinaci&#xF3;n de Informaci&#xF3;n Econ&#xF3;mica, oct. 1973-feb. 1978
Argentina. Ministerio de Econom&#xED;a. Secretar&#xED;a de Estado de Programaci&#xF3;n y Coordinaci&#xF3;n Econ&#xF3;mica. Subsecretar&#xED;a de Coordinaci&#xF3;n, feb. 1978-jun.1979
Argentina. Ministerio de Econom&#xED;a. Secretar&#xED;a de Estado de Programaci&#xF3;n y Coordinaci&#xF3;n Econ&#xF3;mica, jun. 1979-abr.1981
Argentina. Ministerio de Econom&#xED;a Hacienda y Finanzas, abr. 1981-dic.1981
Argentina. Ministerio de Econom&#xED;a, ene. 1982-dic. 1983
T&#xED;tulo var&#xED;a:
Bolet&#xED;n Semanal del Ministerio de Econom&#xED;a, 1973-1980.
Bolet&#xED;n Semanal de Econom&#xED;a, 1981-1983
Numeraci&#xF3;n var&#xED;a: sin volumen hasta 1982
Suplemento: Orientaci&#xF3;n para el Consumidor, dic. 1978-mayo1981</subfield>
  </datafield>
  <datafield tag="942" ind1=" " ind2=" ">
    <subfield code="c">SER</subfield>
  </datafield>
  <datafield tag="590" ind1=" " ind2=" ">
    <subfield code="a">niveau_biblio:s niveau_hierar:1</subfield>
  </datafield>
  <datafield tag="100" ind1="1" ind2=" ">
    <subfield code="a">Argentina. Ministerio de Econom&#xED;a</subfield>
  </datafield>
  <datafield tag="650" ind1=" " ind2=" ">
    <subfield code="a">ADMINISTRACION PUBLICA</subfield>
  </datafield>
  <datafield tag="650" ind1=" " ind2=" ">
    <subfield code="a">Investigaci&#xF3;n econ&#xF3;mica</subfield>
  </datafield>
  <datafield tag="650" ind1=" " ind2=" ">
    <subfield code="a">ECONOMIA</subfield>
  </datafield>
  <datafield tag="856" ind1="4" ind2="1">
    <subfield code="u">https://biblioeco.unsa.edu.ar/pmb/images/revistas/Ministerio de Economia.jpg</subfield>
    <subfield code="y">Imagen de portada</subfield>
    <subfield code="q">image/jpeg</subfield>
  </datafield>
  <datafield tag="999" ind1=" " ind2=" ">
    <subfield code="c">8575</subfield>
    <subfield code="d">8575</subfield>
  </datafield>
  <datafield tag="952" ind1=" " ind2=" ">
    <subfield code="0">0</subfield>
    <subfield code="1">0</subfield>
    <subfield code="4">0</subfield>
    <subfield code="7">0</subfield>
    <subfield code="a">BCEJYS</subfield>
    <subfield code="b">BCEJYS</subfield>
    <subfield code="c">17</subfield>
    <subfield code="d">1981-09-14</subfield>
    <subfield code="h">N&#xBA; 407 - sep. 1981</subfield>
    <subfield code="l">0</subfield>
    <subfield code="o">H338 MIN 407</subfield>
    <subfield code="p">R11797</subfield>
    <subfield code="r">2026-04-10 16:08:18</subfield>
    <subfield code="w">2026-04-10</subfield>
    <subfield code="y">RN</subfield>
  </datafield>
  <datafield tag="952" ind1=" " ind2=" ">
    <subfield code="0">0</subfield>
    <subfield code="1">0</subfield>
    <subfield code="4">0</subfield>
    <subfield code="7">0</subfield>
    <subfield code="a">BCEJYS</subfield>
    <subfield code="b">BCEJYS</subfield>
    <subfield code="c">17</subfield>
    <subfield code="d">1981-07-06</subfield>
    <subfield code="h">N&#xBA; 397 - jul. 1981</subfield>
    <subfield code="l">0</subfield>
    <subfield code="o">H338 MIN 397</subfield>
    <subfield code="p">R11796</subfield>
    <subfield code="r">2026-04-10 16:08:18</subfield>
    <subfield code="w">2026-04-10</subfield>
    <subfield code="y">RN</subfield>
  </datafield>
  <datafield tag="952" ind1=" " ind2=" ">
    <subfield code="0">0</subfield>
    <subfield code="1">0</subfield>
    <subfield code="4">0</subfield>
    <subfield code="7">0</subfield>
    <subfield code="a">BCEJYS</subfield>
    <subfield code="b">BCEJYS</subfield>
    <subfield code="c">17</subfield>
    <subfield code="d">1979-09-03</subfield>
    <subfield code="h">N&#xBA; 301 - sep. 1979</subfield>
    <subfield code="l">0</subfield>
    <subfield code="o">H338 MIN 301</subfield>
    <subfield code="p">R11795</subfield>
    <subfield code="r">2026-04-10 16:08:18</subfield>
    <subfield code="w">2026-04-10</subfield>
    <subfield code="y">RN</subfield>
  </datafield>
  <datafield tag="952" ind1=" " ind2=" ">
    <subfield code="0">0</subfield>
    <subfield code="1">0</subfield>
    <subfield code="4">0</subfield>
    <subfield code="7">0</subfield>
    <subfield code="a">BCEJYS</subfield>
    <subfield code="b">BCEJYS</subfield>
    <subfield code="c">17</subfield>
    <subfield code="d">1979-08-27</subfield>
    <subfield code="h">N&#xBA; 300 - ago. 1979</subfield>
    <subfield code="l">0</subfield>
    <subfield code="o">H338 MIN 300</subfield>
    <subfield code="p">R11794</subfield>
    <subfield code="r">2026-04-10 16:08:18</subfield>
    <subfield code="w">2026-04-10</subfield>
    <subfield code="y">RN</subfield>
  </datafield>
  <datafield tag="952" ind1=" " ind2=" ">
    <subfield code="0">0</subfield>
    <subfield code="1">0</subfield>
    <subfield code="4">0</subfield>
    <subfield code="7">0</subfield>
    <subfield code="a">BCEJYS</subfield>
    <subfield code="b">BCEJYS</subfield>
    <subfield code="c">17</subfield>
    <subfield code="d">1979-08-20</subfield>
    <subfield code="h">N&#xBA; 299 - ago. 1979</subfield>
    <subfield code="l">0</subfield>
    <subfield code="o">H338 MIN 299</subfield>
    <subfield code="p">R11793</subfield>
    <subfield code="r">2026-04-10 16:08:18</subfield>
    <subfield code="w">2026-04-10</subfield>
    <subfield code="y">RN</subfield>
  </datafield>
  <datafield tag="952" ind1=" " ind2=" ">
    <subfield code="0">0</subfield>
    <subfield code="1">0</subfield>
    <subfield code="4">0</subfield>
    <subfield code="7">0</subfield>
    <subfield code="a">BCEJYS</subfield>
    <subfield code="b">BCEJYS</subfield>
    <subfield code="c">17</subfield>
    <subfield code="d">1979-08-06</subfield>
    <subfield code="h">N&#xBA; 297 - ago. 1979</subfield>
    <subfield code="l">0</subfield>
    <subfield code="o">H338 MIN 297</subfield>
    <subfield code="p">R11792</subfield>
    <subfield code="r">2026-04-10 16:08:18</subfield>
    <subfield code="w">2026-04-10</subfield>
    <subfield code="y">RN</subfield>
  </datafield>
  <datafield tag="952" ind1=" " ind2=" ">
    <subfield code="0">0</subfield>
    <subfield code="1">0</subfield>
    <subfield code="4">0</subfield>
    <subfield code="7">0</subfield>
    <subfield code="a">BCEJYS</subfield>
    <subfield code="b">BCEJYS</subfield>
    <subfield code="c">17</subfield>
    <subfield code="d">1979-07-09</subfield>
    <subfield code="h">N&#xBA; 293 - jul. 1979</subfield>
    <subfield code="l">0</subfield>
    <subfield code="o">H338 MIN 293</subfield>
    <subfield code="p">R11791</subfield>
    <subfield code="r">2026-04-10 16:08:18</subfield>
    <subfield code="w">2026-04-10</subfield>
    <subfield code="y">RN</subfield>
  </datafield>
  <datafield tag="952" ind1=" " ind2=" ">
    <subfield code="0">0</subfield>
    <subfield code="1">0</subfield>
    <subfield code="4">0</subfield>
    <subfield code="7">0</subfield>
    <subfield code="a">BCEJYS</subfield>
    <subfield code="b">BCEJYS</subfield>
    <subfield code="c">17</subfield>
    <subfield code="d">1979-07-02</subfield>
    <subfield code="h">N&#xBA; 292 - jul. 1979</subfield>
    <subfield code="l">0</subfield>
    <subfield code="o">H338 MIN 292</subfield>
    <subfield code="p">R11790</subfield>
    <subfield code="r">2026-04-10 16:08:18</subfield>
    <subfield code="w">2026-04-10</subfield>
    <subfield code="y">RN</subfield>
  </datafield>
  <datafield tag="952" ind1=" " ind2=" ">
    <subfield code="0">0</subfield>
    <subfield code="1">0</subfield>
    <subfield code="4">0</subfield>
    <subfield code="7">0</subfield>
    <subfield code="a">BCEJYS</subfield>
    <subfield code="b">BCEJYS</subfield>
    <subfield code="c">17</subfield>
    <subfield code="d">1979-06-18</subfield>
    <subfield code="h">N&#xBA; 290 - jun. 1979</subfield>
    <subfield code="l">0</subfield>
    <subfield code="o">H338 MIN 290</subfield>
    <subfield code="p">R11789</subfield>
    <subfield code="r">2026-04-10 16:08:18</subfield>
    <subfield code="w">2026-04-10</subfield>
    <subfield code="y">RN</subfield>
  </datafield>
  <datafield tag="952" ind1=" " ind2=" ">
    <subfield code="0">0</subfield>
    <subfield code="1">0</subfield>
    <subfield code="4">0</subfield>
    <subfield code="7">0</subfield>
    <subfield code="a">BCEJYS</subfield>
    <subfield code="b">BCEJYS</subfield>
    <subfield code="c">17</subfield>
    <subfield code="d">1979-06-11</subfield>
    <subfield code="h">N&#xBA; 289 - jun. 1979</subfield>
    <subfield code="l">0</subfield>
    <subfield code="o">H338 MIN 289</subfield>
    <subfield code="p">R11788</subfield>
    <subfield code="r">2026-04-10 16:08:18</subfield>
    <subfield code="w">2026-04-10</subfield>
    <subfield code="y">RN</subfield>
  </datafield>
  <datafield tag="952" ind1=" " ind2=" ">
    <subfield code="0">0</subfield>
    <subfield code="1">0</subfield>
    <subfield code="4">0</subfield>
    <subfield code="7">0</subfield>
    <subfield code="a">BCEJYS</subfield>
    <subfield code="b">BCEJYS</subfield>
    <subfield code="c">17</subfield>
    <subfield code="d">1979-06-04</subfield>
    <subfield code="h">N&#xBA; 288 - jun. 1979</subfield>
    <subfield code="l">0</subfield>
    <subfield code="o">H338 MIN 288</subfield>
    <subfield code="p">R11787</subfield>
    <subfield code="r">2026-04-10 16:08:19</subfield>
    <subfield code="w">2026-04-10</subfield>
    <subfield code="y">RN</subfield>
  </datafield>
  <datafield tag="952" ind1=" " ind2=" ">
    <subfield code="0">0</subfield>
    <subfield code="1">0</subfield>
    <subfield code="4">0</subfield>
    <subfield code="7">0</subfield>
    <subfield code="a">BCEJYS</subfield>
    <subfield code="b">BCEJYS</subfield>
    <subfield code="c">17</subfield>
    <subfield code="d">1979-05-21</subfield>
    <subfield code="h">N&#xBA; 286 - mayo 1979</subfield>
    <subfield code="l">0</subfield>
    <subfield code="o">H338 MIN 286</subfield>
    <subfield code="p">R11786</subfield>
    <subfield code="r">2026-04-10 16:08:19</subfield>
    <subfield code="w">2026-04-10</subfield>
    <subfield code="y">RN</subfield>
  </datafield>
  <datafield tag="952" ind1=" " ind2=" ">
    <subfield code="0">0</subfield>
    <subfield code="1">0</subfield>
    <subfield code="4">0</subfield>
    <subfield code="7">0</subfield>
    <subfield code="a">BCEJYS</subfield>
    <subfield code="b">BCEJYS</subfield>
    <subfield code="c">17</subfield>
    <subfield code="d">1979-05-14</subfield>
    <subfield code="h">N&#xBA; 285 - mayo 1979</subfield>
    <subfield code="l">0</subfield>
    <subfield code="o">H338 MIN 285</subfield>
    <subfield code="p">R11785</subfield>
    <subfield code="r">2026-04-10 16:08:19</subfield>
    <subfield code="w">2026-04-10</subfield>
    <subfield code="y">RN</subfield>
  </datafield>
  <datafield tag="952" ind1=" " ind2=" ">
    <subfield code="0">0</subfield>
    <subfield code="1">0</subfield>
    <subfield code="4">0</subfield>
    <subfield code="7">0</subfield>
    <subfield code="a">BCEJYS</subfield>
    <subfield code="b">BCEJYS</subfield>
    <subfield code="c">17</subfield>
    <subfield code="d">1979-05-07</subfield>
    <subfield code="h">N&#xBA; 284 - mayo 1979</subfield>
    <subfield code="l">0</subfield>
    <subfield code="o">H338 MIN 284</subfield>
    <subfield code="p">R11784</subfield>
    <subfield code="r">2026-04-10 16:08:19</subfield>
    <subfield code="w">2026-04-10</subfield>
    <subfield code="y">RN</subfield>
  </datafield>
  <datafield tag="952" ind1=" " ind2=" ">
    <subfield code="0">0</subfield>
    <subfield code="1">0</subfield>
    <subfield code="4">0</subfield>
    <subfield code="7">0</subfield>
    <subfield code="a">BCEJYS</subfield>
    <subfield code="b">BCEJYS</subfield>
    <subfield code="c">17</subfield>
    <subfield code="d">1979-04-30</subfield>
    <subfield code="h">N&#xBA; 283 - abr. 1979</subfield>
    <subfield code="l">0</subfield>
    <subfield code="o">H338 MIN 283</subfield>
    <subfield code="p">R11783</subfield>
    <subfield code="r">2026-04-10 16:08:19</subfield>
    <subfield code="w">2026-04-10</subfield>
    <subfield code="y">RN</subfield>
  </datafield>
  <datafield tag="952" ind1=" " ind2=" ">
    <subfield code="0">0</subfield>
    <subfield code="1">0</subfield>
    <subfield code="4">0</subfield>
    <subfield code="7">0</subfield>
    <subfield code="a">BCEJYS</subfield>
    <subfield code="b">BCEJYS</subfield>
    <subfield code="c">17</subfield>
    <subfield code="d">1979-04-23</subfield>
    <subfield code="h">N&#xBA; 282 - abr. 1979</subfield>
    <subfield code="l">0</subfield>
    <subfield code="o">H338 MIN 282</subfield>
    <subfield code="p">R11782</subfield>
    <subfield code="r">2026-04-10 16:08:19</subfield>
    <subfield code="w">2026-04-10</subfield>
    <subfield code="y">RN</subfield>
  </datafield>
  <datafield tag="952" ind1=" " ind2=" ">
    <subfield code="0">0</subfield>
    <subfield code="1">0</subfield>
    <subfield code="4">0</subfield>
    <subfield code="7">0</subfield>
    <subfield code="a">BCEJYS</subfield>
    <subfield code="b">BCEJYS</subfield>
    <subfield code="c">17</subfield>
    <subfield code="d">1979-04-16</subfield>
    <subfield code="h">N&#xBA; 281 - abr. 1979</subfield>
    <subfield code="l">0</subfield>
    <subfield code="o">H338 MIN 281</subfield>
    <subfield code="p">R11781</subfield>
    <subfield code="r">2026-04-10 16:08:19</subfield>
    <subfield code="w">2026-04-10</subfield>
    <subfield code="y">RN</subfield>
  </datafield>
  <datafield tag="952" ind1=" " ind2=" ">
    <subfield code="0">0</subfield>
    <subfield code="1">0</subfield>
    <subfield code="4">0</subfield>
    <subfield code="7">0</subfield>
    <subfield code="a">BCEJYS</subfield>
    <subfield code="b">BCEJYS</subfield>
    <subfield code="c">17</subfield>
    <subfield code="d">1979-04-09</subfield>
    <subfield code="h">N&#xBA; 280 - abr. 1979</subfield>
    <subfield code="l">0</subfield>
    <subfield code="o">H338 MIN 280</subfield>
    <subfield code="p">R11780</subfield>
    <subfield code="r">2026-04-10 16:08:19</subfield>
    <subfield code="w">2026-04-10</subfield>
    <subfield code="y">RN</subfield>
  </datafield>
  <datafield tag="952" ind1=" " ind2=" ">
    <subfield code="0">0</subfield>
    <subfield code="1">0</subfield>
    <subfield code="4">0</subfield>
    <subfield code="7">0</subfield>
    <subfield code="a">BCEJYS</subfield>
    <subfield code="b">BCEJYS</subfield>
    <subfield code="c">17</subfield>
    <subfield code="d">1979-04-02</subfield>
    <subfield code="h">N&#xBA; 279 - abr. 1979</subfield>
    <subfield code="l">0</subfield>
    <subfield code="o">H338 MIN 279</subfield>
    <subfield code="p">R11779</subfield>
    <subfield code="r">2026-04-10 16:08:19</subfield>
    <subfield code="w">2026-04-10</subfield>
    <subfield code="y">RN</subfield>
  </datafield>
  <datafield tag="952" ind1=" " ind2=" ">
    <subfield code="0">0</subfield>
    <subfield code="1">0</subfield>
    <subfield code="4">0</subfield>
    <subfield code="7">0</subfield>
    <subfield code="a">BCEJYS</subfield>
    <subfield code="b">BCEJYS</subfield>
    <subfield code="c">17</subfield>
    <subfield code="d">1979-03-26</subfield>
    <subfield code="h">N&#xBA; 278 - mar. 1979</subfield>
    <subfield code="l">0</subfield>
    <subfield code="o">H338 MIN 278</subfield>
    <subfield code="p">R11778</subfield>
    <subfield code="r">2026-04-10 16:08:19</subfield>
    <subfield code="w">2026-04-10</subfield>
    <subfield code="y">RN</subfield>
  </datafield>
  <datafield tag="952" ind1=" " ind2=" ">
    <subfield code="0">0</subfield>
    <subfield code="1">0</subfield>
    <subfield code="4">0</subfield>
    <subfield code="7">0</subfield>
    <subfield code="a">BCEJYS</subfield>
    <subfield code="b">BCEJYS</subfield>
    <subfield code="c">17</subfield>
    <subfield code="d">1979-03-19</subfield>
    <subfield code="h">N&#xBA; 277 - mar. 1979</subfield>
    <subfield code="l">0</subfield>
    <subfield code="o">H338 MIN 277</subfield>
    <subfield code="p">R11777</subfield>
    <subfield code="r">2026-04-10 16:08:19</subfield>
    <subfield code="w">2026-04-10</subfield>
    <subfield code="y">RN</subfield>
  </datafield>
  <datafield tag="952" ind1=" " ind2=" ">
    <subfield code="0">0</subfield>
    <subfield code="1">0</subfield>
    <subfield code="4">0</subfield>
    <subfield code="7">0</subfield>
    <subfield code="a">BCEJYS</subfield>
    <subfield code="b">BCEJYS</subfield>
    <subfield code="c">17</subfield>
    <subfield code="d">1979-03-12</subfield>
    <subfield code="h">N&#xBA; 276 - mar. 1979</subfield>
    <subfield code="l">0</subfield>
    <subfield code="o">H338 MIN 276</subfield>
    <subfield code="p">R11776</subfield>
    <subfield code="r">2026-04-10 16:08:19</subfield>
    <subfield code="w">2026-04-10</subfield>
    <subfield code="y">RN</subfield>
  </datafield>
  <datafield tag="952" ind1=" " ind2=" ">
    <subfield code="0">0</subfield>
    <subfield code="1">0</subfield>
    <subfield code="4">0</subfield>
    <subfield code="7">0</subfield>
    <subfield code="a">BCEJYS</subfield>
    <subfield code="b">BCEJYS</subfield>
    <subfield code="c">17</subfield>
    <subfield code="d">1979-03-05</subfield>
    <subfield code="h">N&#xBA; 275 - mar. 1979</subfield>
    <subfield code="l">0</subfield>
    <subfield code="o">H338 MIN 275</subfield>
    <subfield code="p">R11775</subfield>
    <subfield code="r">2026-04-10 16:08:19</subfield>
    <subfield code="w">2026-04-10</subfield>
    <subfield code="y">RN</subfield>
  </datafield>
  <datafield tag="952" ind1=" " ind2=" ">
    <subfield code="0">0</subfield>
    <subfield code="1">0</subfield>
    <subfield code="4">0</subfield>
    <subfield code="7">0</subfield>
    <subfield code="a">BCEJYS</subfield>
    <subfield code="b">BCEJYS</subfield>
    <subfield code="c">17</subfield>
    <subfield code="d">1979-02-26</subfield>
    <subfield code="h">N&#xBA; 274 - feb. 1979</subfield>
    <subfield code="l">0</subfield>
    <subfield code="o">H338 MIN 274</subfield>
    <subfield code="p">R11774</subfield>
    <subfield code="r">2026-04-10 16:08:19</subfield>
    <subfield code="w">2026-04-10</subfield>
    <subfield code="y">RN</subfield>
  </datafield>
  <datafield tag="952" ind1=" " ind2=" ">
    <subfield code="0">0</subfield>
    <subfield code="1">0</subfield>
    <subfield code="4">0</subfield>
    <subfield code="7">0</subfield>
    <subfield code="a">BCEJYS</subfield>
    <subfield code="b">BCEJYS</subfield>
    <subfield code="c">17</subfield>
    <subfield code="d">1979-02-19</subfield>
    <subfield code="h">N&#xBA; 273 - feb. 1979</subfield>
    <subfield code="l">0</subfield>
    <subfield code="o">H338 MIN 273</subfield>
    <subfield code="p">R11773</subfield>
    <subfield code="r">2026-04-10 16:08:19</subfield>
    <subfield code="w">2026-04-10</subfield>
    <subfield code="y">RN</subfield>
  </datafield>
  <datafield tag="952" ind1=" " ind2=" ">
    <subfield code="0">0</subfield>
    <subfield code="1">0</subfield>
    <subfield code="4">0</subfield>
    <subfield code="7">0</subfield>
    <subfield code="a">BCEJYS</subfield>
    <subfield code="b">BCEJYS</subfield>
    <subfield code="c">17</subfield>
    <subfield code="d">1979-02-12</subfield>
    <subfield code="h">N&#xBA; 272 - feb. 1979</subfield>
    <subfield code="l">0</subfield>
    <subfield code="o">H338 MIN 272</subfield>
    <subfield code="p">R11772</subfield>
    <subfield code="r">2026-04-10 16:08:19</subfield>
    <subfield code="w">2026-04-10</subfield>
    <subfield code="y">RN</subfield>
  </datafield>
  <datafield tag="952" ind1=" " ind2=" ">
    <subfield code="0">0</subfield>
    <subfield code="1">0</subfield>
    <subfield code="4">0</subfield>
    <subfield code="7">0</subfield>
    <subfield code="a">BCEJYS</subfield>
    <subfield code="b">BCEJYS</subfield>
    <subfield code="c">17</subfield>
    <subfield code="d">1979-02-05</subfield>
    <subfield code="h">N&#xBA; 271 - feb. 1979</subfield>
    <subfield code="l">0</subfield>
    <subfield code="o">H338 MIN 271</subfield>
    <subfield code="p">R11771</subfield>
    <subfield code="r">2026-04-10 16:08:19</subfield>
    <subfield code="w">2026-04-10</subfield>
    <subfield code="y">RN</subfield>
  </datafield>
  <datafield tag="952" ind1=" " ind2=" ">
    <subfield code="0">0</subfield>
    <subfield code="1">0</subfield>
    <subfield code="4">0</subfield>
    <subfield code="7">0</subfield>
    <subfield code="a">BCEJYS</subfield>
    <subfield code="b">BCEJYS</subfield>
    <subfield code="c">17</subfield>
    <subfield code="d">1979-01-29</subfield>
    <subfield code="h">N&#xBA; 270 - ene. 1979</subfield>
    <subfield code="l">0</subfield>
    <subfield code="o">H338 MIN 270</subfield>
    <subfield code="p">R11770</subfield>
    <subfield code="r">2026-04-10 16:08:19</subfield>
    <subfield code="w">2026-04-10</subfield>
    <subfield code="y">RN</subfield>
  </datafield>
  <datafield tag="952" ind1=" " ind2=" ">
    <subfield code="0">0</subfield>
    <subfield code="1">0</subfield>
    <subfield code="4">0</subfield>
    <subfield code="7">0</subfield>
    <subfield code="a">BCEJYS</subfield>
    <subfield code="b">BCEJYS</subfield>
    <subfield code="c">17</subfield>
    <subfield code="d">1978-12-18</subfield>
    <subfield code="h">N&#xBA; 264 - dic. 1978</subfield>
    <subfield code="l">0</subfield>
    <subfield code="o">H338 MIN 264</subfield>
    <subfield code="p">R11769</subfield>
    <subfield code="r">2026-04-10 16:08:19</subfield>
    <subfield code="w">2026-04-10</subfield>
    <subfield code="y">RN</subfield>
  </datafield>
  <datafield tag="952" ind1=" " ind2=" ">
    <subfield code="0">0</subfield>
    <subfield code="1">0</subfield>
    <subfield code="4">0</subfield>
    <subfield code="7">0</subfield>
    <subfield code="a">BCEJYS</subfield>
    <subfield code="b">BCEJYS</subfield>
    <subfield code="c">17</subfield>
    <subfield code="d">1978-12-11</subfield>
    <subfield code="h">N&#xBA; 263 - dic. 1978</subfield>
    <subfield code="l">0</subfield>
    <subfield code="o">H338 MIN 263</subfield>
    <subfield code="p">R11768</subfield>
    <subfield code="r">2026-04-10 16:08:19</subfield>
    <subfield code="w">2026-04-10</subfield>
    <subfield code="y">RN</subfield>
  </datafield>
  <datafield tag="952" ind1=" " ind2=" ">
    <subfield code="0">0</subfield>
    <subfield code="1">0</subfield>
    <subfield code="4">0</subfield>
    <subfield code="7">0</subfield>
    <subfield code="a">BCEJYS</subfield>
    <subfield code="b">BCEJYS</subfield>
    <subfield code="c">17</subfield>
    <subfield code="d">1978-12-04</subfield>
    <subfield code="h">N&#xBA; 262 - dic. 1978</subfield>
    <subfield code="l">0</subfield>
    <subfield code="o">H338 MIN 262</subfield>
    <subfield code="p">R11767</subfield>
    <subfield code="r">2026-04-10 16:08:19</subfield>
    <subfield code="w">2026-04-10</subfield>
    <subfield code="y">RN</subfield>
  </datafield>
  <datafield tag="952" ind1=" " ind2=" ">
    <subfield code="0">0</subfield>
    <subfield code="1">0</subfield>
    <subfield code="4">0</subfield>
    <subfield code="7">0</subfield>
    <subfield code="a">BCEJYS</subfield>
    <subfield code="b">BCEJYS</subfield>
    <subfield code="c">17</subfield>
    <subfield code="d">1978-11-27</subfield>
    <subfield code="h">N&#xBA; 261 - nov. 1978</subfield>
    <subfield code="l">0</subfield>
    <subfield code="o">H338 MIN 261</subfield>
    <subfield code="p">R11766</subfield>
    <subfield code="r">2026-04-10 16:08:19</subfield>
    <subfield code="w">2026-04-10</subfield>
    <subfield code="y">RN</subfield>
  </datafield>
  <datafield tag="952" ind1=" " ind2=" ">
    <subfield code="0">0</subfield>
    <subfield code="1">0</subfield>
    <subfield code="4">0</subfield>
    <subfield code="7">0</subfield>
    <subfield code="a">BCEJYS</subfield>
    <subfield code="b">BCEJYS</subfield>
    <subfield code="c">17</subfield>
    <subfield code="d">1978-11-20</subfield>
    <subfield code="h">N&#xBA; 260 - nov. 1978</subfield>
    <subfield code="l">0</subfield>
    <subfield code="o">H338 MIN 260</subfield>
    <subfield code="p">R11765</subfield>
    <subfield code="r">2026-04-10 16:08:19</subfield>
    <subfield code="w">2026-04-10</subfield>
    <subfield code="y">RN</subfield>
  </datafield>
  <datafield tag="952" ind1=" " ind2=" ">
    <subfield code="0">0</subfield>
    <subfield code="1">0</subfield>
    <subfield code="4">0</subfield>
    <subfield code="7">0</subfield>
    <subfield code="a">BCEJYS</subfield>
    <subfield code="b">BCEJYS</subfield>
    <subfield code="c">17</subfield>
    <subfield code="d">1978-11-13</subfield>
    <subfield code="h">N&#xBA; 259 - nov. 1978</subfield>
    <subfield code="l">0</subfield>
    <subfield code="o">H338 MIN 259</subfield>
    <subfield code="p">R11764</subfield>
    <subfield code="r">2026-04-10 16:08:19</subfield>
    <subfield code="w">2026-04-10</subfield>
    <subfield code="y">RN</subfield>
  </datafield>
  <datafield tag="952" ind1=" " ind2=" ">
    <subfield code="0">0</subfield>
    <subfield code="1">0</subfield>
    <subfield code="4">0</subfield>
    <subfield code="7">0</subfield>
    <subfield code="a">BCEJYS</subfield>
    <subfield code="b">BCEJYS</subfield>
    <subfield code="c">17</subfield>
    <subfield code="d">1978-11-06</subfield>
    <subfield code="h">N&#xBA; 258 - nov. 1978</subfield>
    <subfield code="l">0</subfield>
    <subfield code="o">H338 MIN 258</subfield>
    <subfield code="p">R11763</subfield>
    <subfield code="r">2026-04-10 16:08:19</subfield>
    <subfield code="w">2026-04-10</subfield>
    <subfield code="y">RN</subfield>
  </datafield>
  <datafield tag="952" ind1=" " ind2=" ">
    <subfield code="0">0</subfield>
    <subfield code="1">0</subfield>
    <subfield code="4">0</subfield>
    <subfield code="7">0</subfield>
    <subfield code="a">BCEJYS</subfield>
    <subfield code="b">BCEJYS</subfield>
    <subfield code="c">17</subfield>
    <subfield code="d">1978-10-30</subfield>
    <subfield code="h">N&#xBA; 257 - oct. 1978</subfield>
    <subfield code="l">0</subfield>
    <subfield code="o">H338 MIN 257</subfield>
    <subfield code="p">R11762</subfield>
    <subfield code="r">2026-04-10 16:08:19</subfield>
    <subfield code="w">2026-04-10</subfield>
    <subfield code="y">RN</subfield>
  </datafield>
  <datafield tag="952" ind1=" " ind2=" ">
    <subfield code="0">0</subfield>
    <subfield code="1">0</subfield>
    <subfield code="4">0</subfield>
    <subfield code="7">0</subfield>
    <subfield code="a">BCEJYS</subfield>
    <subfield code="b">BCEJYS</subfield>
    <subfield code="c">17</subfield>
    <subfield code="d">1978-10-23</subfield>
    <subfield code="h">N&#xBA; 256 - oct. 1978</subfield>
    <subfield code="l">0</subfield>
    <subfield code="o">H338 MIN 256</subfield>
    <subfield code="p">R11761</subfield>
    <subfield code="r">2026-04-10 16:08:19</subfield>
    <subfield code="w">2026-04-10</subfield>
    <subfield code="y">RN</subfield>
  </datafield>
  <datafield tag="952" ind1=" " ind2=" ">
    <subfield code="0">0</subfield>
    <subfield code="1">0</subfield>
    <subfield code="4">0</subfield>
    <subfield code="7">0</subfield>
    <subfield code="a">BCEJYS</subfield>
    <subfield code="b">BCEJYS</subfield>
    <subfield code="c">17</subfield>
    <subfield code="d">1978-10-16</subfield>
    <subfield code="h">N&#xBA; 255 - oct. 1978</subfield>
    <subfield code="l">0</subfield>
    <subfield code="o">H338 MIN 255</subfield>
    <subfield code="p">R11760</subfield>
    <subfield code="r">2026-04-10 16:08:19</subfield>
    <subfield code="w">2026-04-10</subfield>
    <subfield code="y">RN</subfield>
  </datafield>
  <datafield tag="952" ind1=" " ind2=" ">
    <subfield code="0">0</subfield>
    <subfield code="1">0</subfield>
    <subfield code="4">0</subfield>
    <subfield code="7">0</subfield>
    <subfield code="a">BCEJYS</subfield>
    <subfield code="b">BCEJYS</subfield>
    <subfield code="c">17</subfield>
    <subfield code="d">1978-10-09</subfield>
    <subfield code="h">N&#xBA; 254 - oct. 1978</subfield>
    <subfield code="l">0</subfield>
    <subfield code="o">H338 MIN 254</subfield>
    <subfield code="p">R11759</subfield>
    <subfield code="r">2026-04-10 16:08:19</subfield>
    <subfield code="w">2026-04-10</subfield>
    <subfield code="y">RN</subfield>
  </datafield>
  <datafield tag="952" ind1=" " ind2=" ">
    <subfield code="0">0</subfield>
    <subfield code="1">0</subfield>
    <subfield code="4">0</subfield>
    <subfield code="7">0</subfield>
    <subfield code="a">BCEJYS</subfield>
    <subfield code="b">BCEJYS</subfield>
    <subfield code="c">17</subfield>
    <subfield code="d">1978-10-02</subfield>
    <subfield code="h">N&#xBA; 253 - oct. 1978</subfield>
    <subfield code="l">0</subfield>
    <subfield code="o">H338 MIN 253</subfield>
    <subfield code="p">R11758</subfield>
    <subfield code="r">2026-04-10 16:08:19</subfield>
    <subfield code="w">2026-04-10</subfield>
    <subfield code="y">RN</subfield>
  </datafield>
  <datafield tag="952" ind1=" " ind2=" ">
    <subfield code="0">0</subfield>
    <subfield code="1">0</subfield>
    <subfield code="4">0</subfield>
    <subfield code="7">0</subfield>
    <subfield code="a">BCEJYS</subfield>
    <subfield code="b">BCEJYS</subfield>
    <subfield code="c">17</subfield>
    <subfield code="d">1978-09-25</subfield>
    <subfield code="h">N&#xBA; 252 - sep. 1978</subfield>
    <subfield code="l">0</subfield>
    <subfield code="o">H338 MIN 252</subfield>
    <subfield code="p">R11757</subfield>
    <subfield code="r">2026-04-10 16:08:19</subfield>
    <subfield code="w">2026-04-10</subfield>
    <subfield code="y">RN</subfield>
  </datafield>
  <datafield tag="952" ind1=" " ind2=" ">
    <subfield code="0">0</subfield>
    <subfield code="1">0</subfield>
    <subfield code="4">0</subfield>
    <subfield code="7">0</subfield>
    <subfield code="a">BCEJYS</subfield>
    <subfield code="b">BCEJYS</subfield>
    <subfield code="c">17</subfield>
    <subfield code="d">1978-09-18</subfield>
    <subfield code="h">N&#xBA; 251 - sep. 1978</subfield>
    <subfield code="l">0</subfield>
    <subfield code="o">H338 MIN 251</subfield>
    <subfield code="p">R11756</subfield>
    <subfield code="r">2026-04-10 16:08:19</subfield>
    <subfield code="w">2026-04-10</subfield>
    <subfield code="y">RN</subfield>
  </datafield>
  <datafield tag="952" ind1=" " ind2=" ">
    <subfield code="0">0</subfield>
    <subfield code="1">0</subfield>
    <subfield code="4">0</subfield>
    <subfield code="7">0</subfield>
    <subfield code="a">BCEJYS</subfield>
    <subfield code="b">BCEJYS</subfield>
    <subfield code="c">17</subfield>
    <subfield code="d">1978-09-11</subfield>
    <subfield code="h">N&#xBA; 250 - sep. 1978</subfield>
    <subfield code="l">0</subfield>
    <subfield code="o">H338 MIN 250</subfield>
    <subfield code="p">R11755</subfield>
    <subfield code="r">2026-04-10 16:08:19</subfield>
    <subfield code="w">2026-04-10</subfield>
    <subfield code="y">RN</subfield>
  </datafield>
  <datafield tag="952" ind1=" " ind2=" ">
    <subfield code="0">0</subfield>
    <subfield code="1">0</subfield>
    <subfield code="4">0</subfield>
    <subfield code="7">0</subfield>
    <subfield code="a">BCEJYS</subfield>
    <subfield code="b">BCEJYS</subfield>
    <subfield code="c">17</subfield>
    <subfield code="d">1978-09-04</subfield>
    <subfield code="h">N&#xBA; 249 - sep. 1978</subfield>
    <subfield code="l">0</subfield>
    <subfield code="o">H338 MIN 249</subfield>
    <subfield code="p">R11754</subfield>
    <subfield code="r">2026-04-10 16:08:19</subfield>
    <subfield code="w">2026-04-10</subfield>
    <subfield code="y">RN</subfield>
  </datafield>
  <datafield tag="952" ind1=" " ind2=" ">
    <subfield code="0">0</subfield>
    <subfield code="1">0</subfield>
    <subfield code="4">0</subfield>
    <subfield code="7">0</subfield>
    <subfield code="a">BCEJYS</subfield>
    <subfield code="b">BCEJYS</subfield>
    <subfield code="c">17</subfield>
    <subfield code="d">1978-08-28</subfield>
    <subfield code="h">N&#xBA; 248 - ago. 1978</subfield>
    <subfield code="l">0</subfield>
    <subfield code="o">H338 MIN 248</subfield>
    <subfield code="p">R11753</subfield>
    <subfield code="r">2026-04-10 16:08:19</subfield>
    <subfield code="w">2026-04-10</subfield>
    <subfield code="y">RN</subfield>
  </datafield>
  <datafield tag="952" ind1=" " ind2=" ">
    <subfield code="0">0</subfield>
    <subfield code="1">0</subfield>
    <subfield code="4">0</subfield>
    <subfield code="7">0</subfield>
    <subfield code="a">BCEJYS</subfield>
    <subfield code="b">BCEJYS</subfield>
    <subfield code="c">17</subfield>
    <subfield code="d">1978-08-14</subfield>
    <subfield code="h">N&#xBA; 246 - ago. 1978</subfield>
    <subfield code="l">0</subfield>
    <subfield code="o">H338 MIN 246</subfield>
    <subfield code="p">R11752</subfield>
    <subfield code="r">2026-04-10 16:08:19</subfield>
    <subfield code="w">2026-04-10</subfield>
    <subfield code="y">RN</subfield>
  </datafield>
  <datafield tag="952" ind1=" " ind2=" ">
    <subfield code="0">0</subfield>
    <subfield code="1">0</subfield>
    <subfield code="4">0</subfield>
    <subfield code="7">0</subfield>
    <subfield code="a">BCEJYS</subfield>
    <subfield code="b">BCEJYS</subfield>
    <subfield code="c">17</subfield>
    <subfield code="d">1978-08-07</subfield>
    <subfield code="h">N&#xBA; 245 - ago. 1978</subfield>
    <subfield code="l">0</subfield>
    <subfield code="o">H338 MIN 245</subfield>
    <subfield code="p">R11751</subfield>
    <subfield code="r">2026-04-10 16:08:19</subfield>
    <subfield code="w">2026-04-10</subfield>
    <subfield code="y">RN</subfield>
  </datafield>
  <datafield tag="952" ind1=" " ind2=" ">
    <subfield code="0">0</subfield>
    <subfield code="1">0</subfield>
    <subfield code="4">0</subfield>
    <subfield code="7">0</subfield>
    <subfield code="a">BCEJYS</subfield>
    <subfield code="b">BCEJYS</subfield>
    <subfield code="c">17</subfield>
    <subfield code="d">1978-07-31</subfield>
    <subfield code="h">N&#xBA; 244 - jul. 1978</subfield>
    <subfield code="l">0</subfield>
    <subfield code="o">H338 MIN 244</subfield>
    <subfield code="p">R11743</subfield>
    <subfield code="r">2026-04-10 16:08:19</subfield>
    <subfield code="w">2026-04-10</subfield>
    <subfield code="y">RN</subfield>
  </datafield>
  <datafield tag="952" ind1=" " ind2=" ">
    <subfield code="0">0</subfield>
    <subfield code="1">0</subfield>
    <subfield code="4">0</subfield>
    <subfield code="7">0</subfield>
    <subfield code="a">BCEJYS</subfield>
    <subfield code="b">BCEJYS</subfield>
    <subfield code="c">17</subfield>
    <subfield code="d">1978-07-24</subfield>
    <subfield code="h">N&#xBA; 243 - jul. 1978</subfield>
    <subfield code="l">0</subfield>
    <subfield code="o">H338 MIN 243</subfield>
    <subfield code="p">R11749</subfield>
    <subfield code="r">2026-04-10 16:08:19</subfield>
    <subfield code="w">2026-04-10</subfield>
    <subfield code="y">RN</subfield>
  </datafield>
  <datafield tag="952" ind1=" " ind2=" ">
    <subfield code="0">0</subfield>
    <subfield code="1">0</subfield>
    <subfield code="4">0</subfield>
    <subfield code="7">0</subfield>
    <subfield code="a">BCEJYS</subfield>
    <subfield code="b">BCEJYS</subfield>
    <subfield code="c">17</subfield>
    <subfield code="d">1978-07-17</subfield>
    <subfield code="h">N&#xBA; 242 - jul. 1978</subfield>
    <subfield code="l">0</subfield>
    <subfield code="o">H338 MIN 242</subfield>
    <subfield code="p">R11748</subfield>
    <subfield code="r">2026-04-10 16:08:19</subfield>
    <subfield code="w">2026-04-10</subfield>
    <subfield code="y">RN</subfield>
  </datafield>
  <datafield tag="952" ind1=" " ind2=" ">
    <subfield code="0">0</subfield>
    <subfield code="1">0</subfield>
    <subfield code="4">0</subfield>
    <subfield code="7">0</subfield>
    <subfield code="a">BCEJYS</subfield>
    <subfield code="b">BCEJYS</subfield>
    <subfield code="c">17</subfield>
    <subfield code="d">1978-07-10</subfield>
    <subfield code="h">N&#xBA; 241 - jul. 1978</subfield>
    <subfield code="l">0</subfield>
    <subfield code="o">H338 MIN 241</subfield>
    <subfield code="p">R11747</subfield>
    <subfield code="r">2026-04-10 16:08:19</subfield>
    <subfield code="w">2026-04-10</subfield>
    <subfield code="y">RN</subfield>
  </datafield>
  <datafield tag="952" ind1=" " ind2=" ">
    <subfield code="0">0</subfield>
    <subfield code="1">0</subfield>
    <subfield code="4">0</subfield>
    <subfield code="7">0</subfield>
    <subfield code="a">BCEJYS</subfield>
    <subfield code="b">BCEJYS</subfield>
    <subfield code="c">17</subfield>
    <subfield code="d">1978-07-03</subfield>
    <subfield code="h">N&#xBA; 240 - jul. 1978</subfield>
    <subfield code="l">0</subfield>
    <subfield code="o">H338 MIN 240</subfield>
    <subfield code="p">R11746</subfield>
    <subfield code="r">2026-04-10 16:08:19</subfield>
    <subfield code="w">2026-04-10</subfield>
    <subfield code="y">RN</subfield>
  </datafield>
  <datafield tag="952" ind1=" " ind2=" ">
    <subfield code="0">0</subfield>
    <subfield code="1">0</subfield>
    <subfield code="4">0</subfield>
    <subfield code="7">0</subfield>
    <subfield code="a">BCEJYS</subfield>
    <subfield code="b">BCEJYS</subfield>
    <subfield code="c">17</subfield>
    <subfield code="d">1978-06-26</subfield>
    <subfield code="h">N&#xBA; 239 - jun. 1978</subfield>
    <subfield code="l">0</subfield>
    <subfield code="o">H338 MIN 239</subfield>
    <subfield code="p">R11745</subfield>
    <subfield code="r">2026-04-10 16:08:19</subfield>
    <subfield code="w">2026-04-10</subfield>
    <subfield code="y">RN</subfield>
  </datafield>
  <datafield tag="952" ind1=" " ind2=" ">
    <subfield code="0">0</subfield>
    <subfield code="1">0</subfield>
    <subfield code="4">0</subfield>
    <subfield code="7">0</subfield>
    <subfield code="a">BCEJYS</subfield>
    <subfield code="b">BCEJYS</subfield>
    <subfield code="c">17</subfield>
    <subfield code="d">1978-06-19</subfield>
    <subfield code="h">N&#xBA; 238 - jun. 1978</subfield>
    <subfield code="l">0</subfield>
    <subfield code="o">H338 MIN 238</subfield>
    <subfield code="p">R11744</subfield>
    <subfield code="r">2026-04-10 16:08:19</subfield>
    <subfield code="w">2026-04-10</subfield>
    <subfield code="y">RN</subfield>
  </datafield>
  <datafield tag="952" ind1=" " ind2=" ">
    <subfield code="0">0</subfield>
    <subfield code="1">0</subfield>
    <subfield code="4">0</subfield>
    <subfield code="7">0</subfield>
    <subfield code="a">BCEJYS</subfield>
    <subfield code="b">BCEJYS</subfield>
    <subfield code="c">17</subfield>
    <subfield code="d">1978-06-12</subfield>
    <subfield code="h">N&#xBA; 237 - jun. 1978</subfield>
    <subfield code="l">0</subfield>
    <subfield code="o">H338 MIN 237</subfield>
    <subfield code="p">R11742</subfield>
    <subfield code="r">2026-04-10 16:08:19</subfield>
    <subfield code="w">2026-04-10</subfield>
    <subfield code="y">RN</subfield>
  </datafield>
  <datafield tag="952" ind1=" " ind2=" ">
    <subfield code="0">0</subfield>
    <subfield code="1">0</subfield>
    <subfield code="4">0</subfield>
    <subfield code="7">0</subfield>
    <subfield code="a">BCEJYS</subfield>
    <subfield code="b">BCEJYS</subfield>
    <subfield code="c">17</subfield>
    <subfield code="d">1978-06-05</subfield>
    <subfield code="h">N&#xBA; 236 - jun. 1978</subfield>
    <subfield code="l">0</subfield>
    <subfield code="o">H338 MIN 236</subfield>
    <subfield code="p">R11741</subfield>
    <subfield code="r">2026-04-10 16:08:19</subfield>
    <subfield code="w">2026-04-10</subfield>
    <subfield code="y">RN</subfield>
  </datafield>
  <datafield tag="952" ind1=" " ind2=" ">
    <subfield code="0">0</subfield>
    <subfield code="1">0</subfield>
    <subfield code="4">0</subfield>
    <subfield code="7">0</subfield>
    <subfield code="a">BCEJYS</subfield>
    <subfield code="b">BCEJYS</subfield>
    <subfield code="c">17</subfield>
    <subfield code="d">1978-05-29</subfield>
    <subfield code="h">N&#xBA; 235 - mayo 1978</subfield>
    <subfield code="l">0</subfield>
    <subfield code="o">H338 MIN 235</subfield>
    <subfield code="p">R11740</subfield>
    <subfield code="r">2026-04-10 16:08:19</subfield>
    <subfield code="w">2026-04-10</subfield>
    <subfield code="y">RN</subfield>
  </datafield>
  <datafield tag="952" ind1=" " ind2=" ">
    <subfield code="0">0</subfield>
    <subfield code="1">0</subfield>
    <subfield code="4">0</subfield>
    <subfield code="7">0</subfield>
    <subfield code="a">BCEJYS</subfield>
    <subfield code="b">BCEJYS</subfield>
    <subfield code="c">17</subfield>
    <subfield code="d">1978-05-22</subfield>
    <subfield code="h">N&#xBA; 234 - mayo 1978</subfield>
    <subfield code="l">0</subfield>
    <subfield code="o">H338 MIN 234</subfield>
    <subfield code="p">R11739</subfield>
    <subfield code="r">2026-04-10 16:08:19</subfield>
    <subfield code="w">2026-04-10</subfield>
    <subfield code="y">RN</subfield>
  </datafield>
  <datafield tag="952" ind1=" " ind2=" ">
    <subfield code="0">0</subfield>
    <subfield code="1">0</subfield>
    <subfield code="4">0</subfield>
    <subfield code="7">0</subfield>
    <subfield code="a">BCEJYS</subfield>
    <subfield code="b">BCEJYS</subfield>
    <subfield code="c">17</subfield>
    <subfield code="d">1978-05-15</subfield>
    <subfield code="h">N&#xBA; 233 - mayo 1978</subfield>
    <subfield code="l">0</subfield>
    <subfield code="o">H338 MIN 233</subfield>
    <subfield code="p">R11738</subfield>
    <subfield code="r">2026-04-10 16:08:19</subfield>
    <subfield code="w">2026-04-10</subfield>
    <subfield code="y">RN</subfield>
  </datafield>
  <datafield tag="952" ind1=" " ind2=" ">
    <subfield code="0">0</subfield>
    <subfield code="1">0</subfield>
    <subfield code="4">0</subfield>
    <subfield code="7">0</subfield>
    <subfield code="a">BCEJYS</subfield>
    <subfield code="b">BCEJYS</subfield>
    <subfield code="c">17</subfield>
    <subfield code="d">1978-05-09</subfield>
    <subfield code="h">N&#xBA; 232 - mayo 1978</subfield>
    <subfield code="l">0</subfield>
    <subfield code="o">H338 MIN 232</subfield>
    <subfield code="p">R11737</subfield>
    <subfield code="r">2026-04-10 16:08:19</subfield>
    <subfield code="w">2026-04-10</subfield>
    <subfield code="y">RN</subfield>
  </datafield>
  <datafield tag="952" ind1=" " ind2=" ">
    <subfield code="0">0</subfield>
    <subfield code="1">0</subfield>
    <subfield code="4">0</subfield>
    <subfield code="7">0</subfield>
    <subfield code="a">BCEJYS</subfield>
    <subfield code="b">BCEJYS</subfield>
    <subfield code="c">17</subfield>
    <subfield code="d">1978-05-02</subfield>
    <subfield code="h">N&#xBA; 231 - mayo 1978</subfield>
    <subfield code="l">0</subfield>
    <subfield code="o">H338 MIN 231</subfield>
    <subfield code="p">R11736</subfield>
    <subfield code="r">2026-04-10 16:08:19</subfield>
    <subfield code="w">2026-04-10</subfield>
    <subfield code="y">RN</subfield>
  </datafield>
  <datafield tag="952" ind1=" " ind2=" ">
    <subfield code="0">0</subfield>
    <subfield code="1">0</subfield>
    <subfield code="4">0</subfield>
    <subfield code="7">0</subfield>
    <subfield code="a">BCEJYS</subfield>
    <subfield code="b">BCEJYS</subfield>
    <subfield code="c">17</subfield>
    <subfield code="d">1978-04-24</subfield>
    <subfield code="h">N&#xBA; 230 - abr. 1978</subfield>
    <subfield code="l">0</subfield>
    <subfield code="o">H338 MIN 230</subfield>
    <subfield code="p">R11735</subfield>
    <subfield code="r">2026-04-10 16:08:19</subfield>
    <subfield code="w">2026-04-10</subfield>
    <subfield code="y">RN</subfield>
  </datafield>
  <datafield tag="952" ind1=" " ind2=" ">
    <subfield code="0">0</subfield>
    <subfield code="1">0</subfield>
    <subfield code="4">0</subfield>
    <subfield code="7">0</subfield>
    <subfield code="a">BCEJYS</subfield>
    <subfield code="b">BCEJYS</subfield>
    <subfield code="c">17</subfield>
    <subfield code="d">1978-04-17</subfield>
    <subfield code="h">N&#xBA; 229 - abr. 1978</subfield>
    <subfield code="l">0</subfield>
    <subfield code="o">H338 MIN 229</subfield>
    <subfield code="p">R11734</subfield>
    <subfield code="r">2026-04-10 16:08:19</subfield>
    <subfield code="w">2026-04-10</subfield>
    <subfield code="y">RN</subfield>
  </datafield>
  <datafield tag="952" ind1=" " ind2=" ">
    <subfield code="0">0</subfield>
    <subfield code="1">0</subfield>
    <subfield code="4">0</subfield>
    <subfield code="7">0</subfield>
    <subfield code="a">BCEJYS</subfield>
    <subfield code="b">BCEJYS</subfield>
    <subfield code="c">17</subfield>
    <subfield code="d">1978-04-10</subfield>
    <subfield code="h">N&#xBA; 228 - abr. 1978</subfield>
    <subfield code="l">0</subfield>
    <subfield code="o">H338 MIN 228</subfield>
    <subfield code="p">R12663</subfield>
    <subfield code="r">2026-04-10 16:08:19</subfield>
    <subfield code="w">2026-04-10</subfield>
    <subfield code="y">RN</subfield>
  </datafield>
  <datafield tag="952" ind1=" " ind2=" ">
    <subfield code="0">0</subfield>
    <subfield code="1">0</subfield>
    <subfield code="4">0</subfield>
    <subfield code="7">0</subfield>
    <subfield code="a">BCEJYS</subfield>
    <subfield code="b">BCEJYS</subfield>
    <subfield code="c">17</subfield>
    <subfield code="d">1978-03-20</subfield>
    <subfield code="h">N&#xBA; 225 - mar. 1978</subfield>
    <subfield code="l">0</subfield>
    <subfield code="o">H338 MIN 225</subfield>
    <subfield code="p">R12662</subfield>
    <subfield code="r">2026-04-10 16:08:19</subfield>
    <subfield code="w">2026-04-10</subfield>
    <subfield code="y">RN</subfield>
  </datafield>
  <datafield tag="952" ind1=" " ind2=" ">
    <subfield code="0">0</subfield>
    <subfield code="1">0</subfield>
    <subfield code="4">0</subfield>
    <subfield code="7">0</subfield>
    <subfield code="a">BCEJYS</subfield>
    <subfield code="b">BCEJYS</subfield>
    <subfield code="c">17</subfield>
    <subfield code="d">1977-09-19</subfield>
    <subfield code="h">N&#xBA; 199 - sep. 1977</subfield>
    <subfield code="l">0</subfield>
    <subfield code="o">H338 MIN 199</subfield>
    <subfield code="p">R12661</subfield>
    <subfield code="r">2026-04-10 16:08:19</subfield>
    <subfield code="w">2026-04-10</subfield>
    <subfield code="y">RN</subfield>
  </datafield>
  <datafield tag="952" ind1=" " ind2=" ">
    <subfield code="0">0</subfield>
    <subfield code="1">0</subfield>
    <subfield code="4">0</subfield>
    <subfield code="7">0</subfield>
    <subfield code="a">BCEJYS</subfield>
    <subfield code="b">BCEJYS</subfield>
    <subfield code="c">17</subfield>
    <subfield code="d">1977-03-28</subfield>
    <subfield code="h">N&#xBA; 174 - mar. 1977</subfield>
    <subfield code="l">0</subfield>
    <subfield code="o">H338 MIN 174</subfield>
    <subfield code="p">R11733</subfield>
    <subfield code="r">2026-04-10 16:08:19</subfield>
    <subfield code="w">2026-04-10</subfield>
    <subfield code="y">RN</subfield>
  </datafield>
  <datafield tag="952" ind1=" " ind2=" ">
    <subfield code="0">0</subfield>
    <subfield code="1">0</subfield>
    <subfield code="4">0</subfield>
    <subfield code="7">0</subfield>
    <subfield code="a">BCEJYS</subfield>
    <subfield code="b">BCEJYS</subfield>
    <subfield code="c">17</subfield>
    <subfield code="d">1977-03-14</subfield>
    <subfield code="h">N&#xBA; 172 - mar. 1977</subfield>
    <subfield code="l">0</subfield>
    <subfield code="o">H338 MIN 172</subfield>
    <subfield code="p">R11731</subfield>
    <subfield code="r">2026-04-10 16:08:19</subfield>
    <subfield code="w">2026-04-10</subfield>
    <subfield code="y">RN</subfield>
  </datafield>
  <datafield tag="952" ind1=" " ind2=" ">
    <subfield code="0">0</subfield>
    <subfield code="1">0</subfield>
    <subfield code="4">0</subfield>
    <subfield code="7">0</subfield>
    <subfield code="a">BCEJYS</subfield>
    <subfield code="b">BCEJYS</subfield>
    <subfield code="c">17</subfield>
    <subfield code="d">1977-03-01</subfield>
    <subfield code="h">N&#xBA; 173 - mar. 1977</subfield>
    <subfield code="l">0</subfield>
    <subfield code="o">H338 MIN 173</subfield>
    <subfield code="p">R11732</subfield>
    <subfield code="r">2026-04-10 16:08:19</subfield>
    <subfield code="w">2026-04-10</subfield>
    <subfield code="y">RN</subfield>
  </datafield>
  <datafield tag="952" ind1=" " ind2=" ">
    <subfield code="0">0</subfield>
    <subfield code="1">0</subfield>
    <subfield code="4">0</subfield>
    <subfield code="7">0</subfield>
    <subfield code="a">BCEJYS</subfield>
    <subfield code="b">BCEJYS</subfield>
    <subfield code="c">17</subfield>
    <subfield code="d">1977-02-28</subfield>
    <subfield code="h">N&#xBA; 170 - feb. 1977</subfield>
    <subfield code="l">0</subfield>
    <subfield code="o">H338 MIN 170</subfield>
    <subfield code="p">R11730</subfield>
    <subfield code="r">2026-04-10 16:08:19</subfield>
    <subfield code="w">2026-04-10</subfield>
    <subfield code="y">RN</subfield>
  </datafield>
  <datafield tag="952" ind1=" " ind2=" ">
    <subfield code="0">0</subfield>
    <subfield code="1">0</subfield>
    <subfield code="4">0</subfield>
    <subfield code="7">0</subfield>
    <subfield code="a">BCEJYS</subfield>
    <subfield code="b">BCEJYS</subfield>
    <subfield code="c">17</subfield>
    <subfield code="d">1977-02-21</subfield>
    <subfield code="h">N&#xBA; 169 - feb. 1977</subfield>
    <subfield code="l">0</subfield>
    <subfield code="o">H338 MIN 169</subfield>
    <subfield code="p">R11729</subfield>
    <subfield code="r">2026-04-10 16:08:19</subfield>
    <subfield code="w">2026-04-10</subfield>
    <subfield code="y">RN</subfield>
  </datafield>
  <datafield tag="952" ind1=" " ind2=" ">
    <subfield code="0">0</subfield>
    <subfield code="1">0</subfield>
    <subfield code="4">0</subfield>
    <subfield code="7">0</subfield>
    <subfield code="a">BCEJYS</subfield>
    <subfield code="b">BCEJYS</subfield>
    <subfield code="c">17</subfield>
    <subfield code="d">1977-01-31</subfield>
    <subfield code="h">N&#xBA; 166 - ene. 1977</subfield>
    <subfield code="l">0</subfield>
    <subfield code="o">H338 MIN 166</subfield>
    <subfield code="p">R11728</subfield>
    <subfield code="r">2026-04-10 16:08:19</subfield>
    <subfield code="w">2026-04-10</subfield>
    <subfield code="y">RN</subfield>
  </datafield>
  <datafield tag="952" ind1=" " ind2=" ">
    <subfield code="0">0</subfield>
    <subfield code="1">0</subfield>
    <subfield code="4">0</subfield>
    <subfield code="7">0</subfield>
    <subfield code="a">BCEJYS</subfield>
    <subfield code="b">BCEJYS</subfield>
    <subfield code="c">17</subfield>
    <subfield code="d">1977-01-21</subfield>
    <subfield code="h">N&#xBA; 165 - ene. 1977</subfield>
    <subfield code="l">0</subfield>
    <subfield code="o">H338 MIN 165</subfield>
    <subfield code="p">R11727</subfield>
    <subfield code="r">2026-04-10 16:08:19</subfield>
    <subfield code="w">2026-04-10</subfield>
    <subfield code="y">RN</subfield>
  </datafield>
  <datafield tag="952" ind1=" " ind2=" ">
    <subfield code="0">0</subfield>
    <subfield code="1">0</subfield>
    <subfield code="4">0</subfield>
    <subfield code="7">0</subfield>
    <subfield code="a">BCEJYS</subfield>
    <subfield code="b">BCEJYS</subfield>
    <subfield code="c">17</subfield>
    <subfield code="d">1977-01-14</subfield>
    <subfield code="h">N&#xBA; 164 - ene. 1977</subfield>
    <subfield code="l">0</subfield>
    <subfield code="o">H338 MIN 164</subfield>
    <subfield code="p">R11726</subfield>
    <subfield code="r">2026-04-10 16:08:19</subfield>
    <subfield code="w">2026-04-10</subfield>
    <subfield code="y">RN</subfield>
  </datafield>
  <datafield tag="952" ind1=" " ind2=" ">
    <subfield code="0">0</subfield>
    <subfield code="1">0</subfield>
    <subfield code="4">0</subfield>
    <subfield code="7">0</subfield>
    <subfield code="a">BCEJYS</subfield>
    <subfield code="b">BCEJYS</subfield>
    <subfield code="c">17</subfield>
    <subfield code="d">1977-01-07</subfield>
    <subfield code="h">N&#xBA; 163 - ene. 1977</subfield>
    <subfield code="l">0</subfield>
    <subfield code="o">H338 MIN 163</subfield>
    <subfield code="p">R11725</subfield>
    <subfield code="r">2026-04-10 16:08:19</subfield>
    <subfield code="w">2026-04-10</subfield>
    <subfield code="y">RN</subfield>
  </datafield>
  <datafield tag="952" ind1=" " ind2=" ">
    <subfield code="0">0</subfield>
    <subfield code="1">0</subfield>
    <subfield code="4">0</subfield>
    <subfield code="7">0</subfield>
    <subfield code="a">BCEJYS</subfield>
    <subfield code="b">BCEJYS</subfield>
    <subfield code="c">17</subfield>
    <subfield code="d">1976-12-31</subfield>
    <subfield code="h">N&#xBA; 162 - dic. 1976</subfield>
    <subfield code="l">0</subfield>
    <subfield code="o">H338 MIN 162</subfield>
    <subfield code="p">R11724</subfield>
    <subfield code="r">2026-04-10 16:08:19</subfield>
    <subfield code="w">2026-04-10</subfield>
    <subfield code="y">RN</subfield>
  </datafield>
  <datafield tag="952" ind1=" " ind2=" ">
    <subfield code="0">0</subfield>
    <subfield code="1">0</subfield>
    <subfield code="4">0</subfield>
    <subfield code="7">0</subfield>
    <subfield code="a">BCEJYS</subfield>
    <subfield code="b">BCEJYS</subfield>
    <subfield code="c">17</subfield>
    <subfield code="d">1976-12-24</subfield>
    <subfield code="h">N&#xBA; 161 - dic. 1976</subfield>
    <subfield code="l">0</subfield>
    <subfield code="o">H338 MIN 161</subfield>
    <subfield code="p">R11723</subfield>
    <subfield code="r">2026-04-10 16:08:19</subfield>
    <subfield code="w">2026-04-10</subfield>
    <subfield code="y">RN</subfield>
  </datafield>
  <datafield tag="952" ind1=" " ind2=" ">
    <subfield code="0">0</subfield>
    <subfield code="1">0</subfield>
    <subfield code="4">0</subfield>
    <subfield code="7">0</subfield>
    <subfield code="a">BCEJYS</subfield>
    <subfield code="b">BCEJYS</subfield>
    <subfield code="c">17</subfield>
    <subfield code="d">1976-12-17</subfield>
    <subfield code="h">N&#xBA; 160 - dic. 1976</subfield>
    <subfield code="l">0</subfield>
    <subfield code="o">H338 MIN 160</subfield>
    <subfield code="p">R11722</subfield>
    <subfield code="r">2026-04-10 16:08:19</subfield>
    <subfield code="w">2026-04-10</subfield>
    <subfield code="y">RN</subfield>
  </datafield>
  <datafield tag="952" ind1=" " ind2=" ">
    <subfield code="0">0</subfield>
    <subfield code="1">0</subfield>
    <subfield code="4">0</subfield>
    <subfield code="7">0</subfield>
    <subfield code="a">BCEJYS</subfield>
    <subfield code="b">BCEJYS</subfield>
    <subfield code="c">17</subfield>
    <subfield code="d">1976-11-19</subfield>
    <subfield code="h">N&#xBA; 156 - nov. 1976</subfield>
    <subfield code="l">0</subfield>
    <subfield code="o">H338 MIN 156</subfield>
    <subfield code="p">R11721</subfield>
    <subfield code="r">2026-04-10 16:08:19</subfield>
    <subfield code="w">2026-04-10</subfield>
    <subfield code="y">RN</subfield>
  </datafield>
  <datafield tag="952" ind1=" " ind2=" ">
    <subfield code="0">0</subfield>
    <subfield code="1">0</subfield>
    <subfield code="4">0</subfield>
    <subfield code="7">0</subfield>
    <subfield code="a">BCEJYS</subfield>
    <subfield code="b">BCEJYS</subfield>
    <subfield code="c">17</subfield>
    <subfield code="d">1976-11-12</subfield>
    <subfield code="h">N&#xBA; 155 - nov. 1976</subfield>
    <subfield code="l">0</subfield>
    <subfield code="o">H338 MIN 155</subfield>
    <subfield code="p">R11720</subfield>
    <subfield code="r">2026-04-10 16:08:19</subfield>
    <subfield code="w">2026-04-10</subfield>
    <subfield code="y">RN</subfield>
  </datafield>
  <datafield tag="952" ind1=" " ind2=" ">
    <subfield code="0">0</subfield>
    <subfield code="1">0</subfield>
    <subfield code="4">0</subfield>
    <subfield code="7">0</subfield>
    <subfield code="a">BCEJYS</subfield>
    <subfield code="b">BCEJYS</subfield>
    <subfield code="c">17</subfield>
    <subfield code="d">1976-11-05</subfield>
    <subfield code="h">N&#xBA; 154 - nov. 1976</subfield>
    <subfield code="l">0</subfield>
    <subfield code="o">H338 MIN 154</subfield>
    <subfield code="p">R11719</subfield>
    <subfield code="r">2026-04-10 16:08:19</subfield>
    <subfield code="w">2026-04-10</subfield>
    <subfield code="y">RN</subfield>
  </datafield>
  <datafield tag="952" ind1=" " ind2=" ">
    <subfield code="0">0</subfield>
    <subfield code="1">0</subfield>
    <subfield code="4">0</subfield>
    <subfield code="7">0</subfield>
    <subfield code="a">BCEJYS</subfield>
    <subfield code="b">BCEJYS</subfield>
    <subfield code="c">17</subfield>
    <subfield code="d">1976-10-15</subfield>
    <subfield code="h">N&#xBA; 151 - oct. 1976</subfield>
    <subfield code="l">0</subfield>
    <subfield code="o">H338 MIN 151</subfield>
    <subfield code="p">R11718</subfield>
    <subfield code="r">2026-04-10 16:08:19</subfield>
    <subfield code="w">2026-04-10</subfield>
    <subfield code="y">RN</subfield>
  </datafield>
  <datafield tag="952" ind1=" " ind2=" ">
    <subfield code="0">0</subfield>
    <subfield code="1">0</subfield>
    <subfield code="4">0</subfield>
    <subfield code="7">0</subfield>
    <subfield code="a">BCEJYS</subfield>
    <subfield code="b">BCEJYS</subfield>
    <subfield code="c">17</subfield>
    <subfield code="d">1976-10-08</subfield>
    <subfield code="h">N&#xBA; 150 - oct. 1976</subfield>
    <subfield code="l">0</subfield>
    <subfield code="o">H338 MIN 150</subfield>
    <subfield code="p">R11717</subfield>
    <subfield code="r">2026-04-10 16:08:19</subfield>
    <subfield code="w">2026-04-10</subfield>
    <subfield code="y">RN</subfield>
  </datafield>
  <datafield tag="952" ind1=" " ind2=" ">
    <subfield code="0">0</subfield>
    <subfield code="1">0</subfield>
    <subfield code="4">0</subfield>
    <subfield code="7">0</subfield>
    <subfield code="a">BCEJYS</subfield>
    <subfield code="b">BCEJYS</subfield>
    <subfield code="c">17</subfield>
    <subfield code="d">1976-10-01</subfield>
    <subfield code="h">N&#xBA; 149 - oct. 1976</subfield>
    <subfield code="l">0</subfield>
    <subfield code="o">H338 MIN 149</subfield>
    <subfield code="p">R11716</subfield>
    <subfield code="r">2026-04-10 16:08:19</subfield>
    <subfield code="w">2026-04-10</subfield>
    <subfield code="y">RN</subfield>
  </datafield>
  <datafield tag="952" ind1=" " ind2=" ">
    <subfield code="0">0</subfield>
    <subfield code="1">0</subfield>
    <subfield code="4">0</subfield>
    <subfield code="7">0</subfield>
    <subfield code="a">BCEJYS</subfield>
    <subfield code="b">BCEJYS</subfield>
    <subfield code="c">17</subfield>
    <subfield code="d">1976-09-24</subfield>
    <subfield code="h">N&#xBA; 148 - sep. 1976</subfield>
    <subfield code="l">0</subfield>
    <subfield code="o">H338 MIN 148</subfield>
    <subfield code="p">R11715</subfield>
    <subfield code="r">2026-04-10 16:08:19</subfield>
    <subfield code="w">2026-04-10</subfield>
    <subfield code="y">RN</subfield>
  </datafield>
  <datafield tag="952" ind1=" " ind2=" ">
    <subfield code="0">0</subfield>
    <subfield code="1">0</subfield>
    <subfield code="4">0</subfield>
    <subfield code="7">0</subfield>
    <subfield code="a">BCEJYS</subfield>
    <subfield code="b">BCEJYS</subfield>
    <subfield code="c">17</subfield>
    <subfield code="d">1976-09-17</subfield>
    <subfield code="h">N&#xBA; 147 - sep. 1976</subfield>
    <subfield code="l">0</subfield>
    <subfield code="o">H338 MIN 147</subfield>
    <subfield code="p">R11714</subfield>
    <subfield code="r">2026-04-10 16:08:19</subfield>
    <subfield code="w">2026-04-10</subfield>
    <subfield code="y">RN</subfield>
  </datafield>
  <datafield tag="952" ind1=" " ind2=" ">
    <subfield code="0">0</subfield>
    <subfield code="1">0</subfield>
    <subfield code="4">0</subfield>
    <subfield code="7">0</subfield>
    <subfield code="a">BCEJYS</subfield>
    <subfield code="b">BCEJYS</subfield>
    <subfield code="c">17</subfield>
    <subfield code="d">1976-09-10</subfield>
    <subfield code="h">N&#xBA; 146 - sep. 1976</subfield>
    <subfield code="l">0</subfield>
    <subfield code="o">H338 MIN 146</subfield>
    <subfield code="p">R11713</subfield>
    <subfield code="r">2026-04-10 16:08:19</subfield>
    <subfield code="w">2026-04-10</subfield>
    <subfield code="y">RN</subfield>
  </datafield>
  <datafield tag="952" ind1=" " ind2=" ">
    <subfield code="0">0</subfield>
    <subfield code="1">0</subfield>
    <subfield code="4">0</subfield>
    <subfield code="7">0</subfield>
    <subfield code="a">BCEJYS</subfield>
    <subfield code="b">BCEJYS</subfield>
    <subfield code="c">17</subfield>
    <subfield code="d">1976-09-03</subfield>
    <subfield code="h">N&#xBA; 145 - sep. 1976</subfield>
    <subfield code="l">0</subfield>
    <subfield code="o">H338 MIN 145</subfield>
    <subfield code="p">R11709</subfield>
    <subfield code="r">2026-04-10 16:08:19</subfield>
    <subfield code="w">2026-04-10</subfield>
    <subfield code="y">RN</subfield>
  </datafield>
  <datafield tag="952" ind1=" " ind2=" ">
    <subfield code="0">0</subfield>
    <subfield code="1">0</subfield>
    <subfield code="4">0</subfield>
    <subfield code="7">0</subfield>
    <subfield code="a">BCEJYS</subfield>
    <subfield code="b">BCEJYS</subfield>
    <subfield code="c">17</subfield>
    <subfield code="d">1976-08-27</subfield>
    <subfield code="h">N&#xBA; 144 - ago. 1976</subfield>
    <subfield code="l">0</subfield>
    <subfield code="o">H338 MIN 144</subfield>
    <subfield code="p">R11708</subfield>
    <subfield code="r">2026-04-10 16:08:19</subfield>
    <subfield code="w">2026-04-10</subfield>
    <subfield code="y">RN</subfield>
  </datafield>
  <datafield tag="952" ind1=" " ind2=" ">
    <subfield code="0">0</subfield>
    <subfield code="1">0</subfield>
    <subfield code="4">0</subfield>
    <subfield code="7">0</subfield>
    <subfield code="a">BCEJYS</subfield>
    <subfield code="b">BCEJYS</subfield>
    <subfield code="c">17</subfield>
    <subfield code="d">1976-08-20</subfield>
    <subfield code="h">N&#xBA; 143 - ago. 1976</subfield>
    <subfield code="l">0</subfield>
    <subfield code="o">H338 MIN 143</subfield>
    <subfield code="p">R11707</subfield>
    <subfield code="r">2026-04-10 16:08:19</subfield>
    <subfield code="w">2026-04-10</subfield>
    <subfield code="y">RN</subfield>
  </datafield>
  <datafield tag="952" ind1=" " ind2=" ">
    <subfield code="0">0</subfield>
    <subfield code="1">0</subfield>
    <subfield code="4">0</subfield>
    <subfield code="7">0</subfield>
    <subfield code="a">BCEJYS</subfield>
    <subfield code="b">BCEJYS</subfield>
    <subfield code="c">17</subfield>
    <subfield code="d">1976-08-13</subfield>
    <subfield code="h">N&#xBA; 142 - ago. 1976</subfield>
    <subfield code="l">0</subfield>
    <subfield code="o">H338 MIN 142</subfield>
    <subfield code="p">R11706</subfield>
    <subfield code="r">2026-04-10 16:08:19</subfield>
    <subfield code="w">2026-04-10</subfield>
    <subfield code="y">RN</subfield>
  </datafield>
  <datafield tag="952" ind1=" " ind2=" ">
    <subfield code="0">0</subfield>
    <subfield code="1">0</subfield>
    <subfield code="4">0</subfield>
    <subfield code="7">0</subfield>
    <subfield code="a">BCEJYS</subfield>
    <subfield code="b">BCEJYS</subfield>
    <subfield code="c">17</subfield>
    <subfield code="d">1976-07-30</subfield>
    <subfield code="h">N&#xBA; 141 - jul. 1976</subfield>
    <subfield code="l">0</subfield>
    <subfield code="o">H338 MIN 141</subfield>
    <subfield code="p">R11705</subfield>
    <subfield code="r">2026-04-10 16:08:19</subfield>
    <subfield code="w">2026-04-10</subfield>
    <subfield code="y">RN</subfield>
  </datafield>
  <datafield tag="952" ind1=" " ind2=" ">
    <subfield code="0">0</subfield>
    <subfield code="1">0</subfield>
    <subfield code="4">0</subfield>
    <subfield code="7">0</subfield>
    <subfield code="a">BCEJYS</subfield>
    <subfield code="b">BCEJYS</subfield>
    <subfield code="c">17</subfield>
    <subfield code="d">1976-07-23</subfield>
    <subfield code="h">N&#xBA; 140 - jul. 1976</subfield>
    <subfield code="l">0</subfield>
    <subfield code="o">H338 MIN 140</subfield>
    <subfield code="p">R11704</subfield>
    <subfield code="r">2026-04-10 16:08:19</subfield>
    <subfield code="w">2026-04-10</subfield>
    <subfield code="y">RN</subfield>
  </datafield>
  <datafield tag="952" ind1=" " ind2=" ">
    <subfield code="0">0</subfield>
    <subfield code="1">0</subfield>
    <subfield code="4">0</subfield>
    <subfield code="7">0</subfield>
    <subfield code="a">BCEJYS</subfield>
    <subfield code="b">BCEJYS</subfield>
    <subfield code="c">17</subfield>
    <subfield code="d">1976-07-16</subfield>
    <subfield code="h">N&#xBA; 139 - jul. 1976</subfield>
    <subfield code="l">0</subfield>
    <subfield code="o">H338 MIN 139</subfield>
    <subfield code="p">R11703</subfield>
    <subfield code="r">2026-04-10 16:08:19</subfield>
    <subfield code="w">2026-04-10</subfield>
    <subfield code="y">RN</subfield>
  </datafield>
  <datafield tag="952" ind1=" " ind2=" ">
    <subfield code="0">0</subfield>
    <subfield code="1">0</subfield>
    <subfield code="4">0</subfield>
    <subfield code="7">0</subfield>
    <subfield code="a">BCEJYS</subfield>
    <subfield code="b">BCEJYS</subfield>
    <subfield code="c">17</subfield>
    <subfield code="d">1976-07-08</subfield>
    <subfield code="h">N&#xBA; 138 - jul. 1976</subfield>
    <subfield code="l">0</subfield>
    <subfield code="o">H338 MIN 138</subfield>
    <subfield code="p">R11702</subfield>
    <subfield code="r">2026-04-10 16:08:19</subfield>
    <subfield code="w">2026-04-10</subfield>
    <subfield code="y">RN</subfield>
  </datafield>
  <datafield tag="952" ind1=" " ind2=" ">
    <subfield code="0">0</subfield>
    <subfield code="1">0</subfield>
    <subfield code="4">0</subfield>
    <subfield code="7">0</subfield>
    <subfield code="a">BCEJYS</subfield>
    <subfield code="b">BCEJYS</subfield>
    <subfield code="c">17</subfield>
    <subfield code="d">1976-07-02</subfield>
    <subfield code="h">N&#xBA; 137 - jul. 1976</subfield>
    <subfield code="l">0</subfield>
    <subfield code="o">H338 MIN 137</subfield>
    <subfield code="p">R11701</subfield>
    <subfield code="r">2026-04-10 16:08:19</subfield>
    <subfield code="w">2026-04-10</subfield>
    <subfield code="y">RN</subfield>
  </datafield>
  <datafield tag="952" ind1=" " ind2=" ">
    <subfield code="0">0</subfield>
    <subfield code="1">0</subfield>
    <subfield code="4">0</subfield>
    <subfield code="7">0</subfield>
    <subfield code="a">BCEJYS</subfield>
    <subfield code="b">BCEJYS</subfield>
    <subfield code="c">17</subfield>
    <subfield code="d">1976-06-25</subfield>
    <subfield code="h">N&#xBA; 136 - jun. 1976</subfield>
    <subfield code="l">0</subfield>
    <subfield code="o">H338 MIN 136</subfield>
    <subfield code="p">R11700</subfield>
    <subfield code="r">2026-04-10 16:08:19</subfield>
    <subfield code="w">2026-04-10</subfield>
    <subfield code="y">RN</subfield>
  </datafield>
  <datafield tag="952" ind1=" " ind2=" ">
    <subfield code="0">0</subfield>
    <subfield code="1">0</subfield>
    <subfield code="4">0</subfield>
    <subfield code="7">0</subfield>
    <subfield code="a">BCEJYS</subfield>
    <subfield code="b">BCEJYS</subfield>
    <subfield code="c">17</subfield>
    <subfield code="d">1976-06-18</subfield>
    <subfield code="h">N&#xBA; 135 - jun. 1976</subfield>
    <subfield code="l">0</subfield>
    <subfield code="o">H338 MIN 135</subfield>
    <subfield code="p">R11699</subfield>
    <subfield code="r">2026-04-10 16:08:19</subfield>
    <subfield code="w">2026-04-10</subfield>
    <subfield code="y">RN</subfield>
  </datafield>
  <datafield tag="952" ind1=" " ind2=" ">
    <subfield code="0">0</subfield>
    <subfield code="1">0</subfield>
    <subfield code="4">0</subfield>
    <subfield code="7">0</subfield>
    <subfield code="a">BCEJYS</subfield>
    <subfield code="b">BCEJYS</subfield>
    <subfield code="c">17</subfield>
    <subfield code="d">1976-06-12</subfield>
    <subfield code="h">N&#xBA; 134/1 - jun. 1976</subfield>
    <subfield code="l">0</subfield>
    <subfield code="o">H338 MIN 134/1</subfield>
    <subfield code="p">R11698</subfield>
    <subfield code="r">2026-04-10 16:08:20</subfield>
    <subfield code="w">2026-04-10</subfield>
    <subfield code="y">RN</subfield>
  </datafield>
  <datafield tag="952" ind1=" " ind2=" ">
    <subfield code="0">0</subfield>
    <subfield code="1">0</subfield>
    <subfield code="4">0</subfield>
    <subfield code="7">0</subfield>
    <subfield code="a">BCEJYS</subfield>
    <subfield code="b">BCEJYS</subfield>
    <subfield code="c">17</subfield>
    <subfield code="d">1976-06-11</subfield>
    <subfield code="h">N&#xBA; 134 - jun. 1976</subfield>
    <subfield code="l">0</subfield>
    <subfield code="o">H338 MIN 134</subfield>
    <subfield code="p">R11696</subfield>
    <subfield code="r">2026-04-10 16:08:20</subfield>
    <subfield code="w">2026-04-10</subfield>
    <subfield code="y">RN</subfield>
  </datafield>
  <datafield tag="952" ind1=" " ind2=" ">
    <subfield code="0">0</subfield>
    <subfield code="1">0</subfield>
    <subfield code="4">0</subfield>
    <subfield code="7">0</subfield>
    <subfield code="a">BCEJYS</subfield>
    <subfield code="b">BCEJYS</subfield>
    <subfield code="c">17</subfield>
    <subfield code="d">1976-06-04</subfield>
    <subfield code="h">N&#xBA; 133 - jun. 1976</subfield>
    <subfield code="l">0</subfield>
    <subfield code="o">H338 MIN 133</subfield>
    <subfield code="p">R11695</subfield>
    <subfield code="r">2026-04-10 16:08:20</subfield>
    <subfield code="w">2026-04-10</subfield>
    <subfield code="y">RN</subfield>
  </datafield>
  <datafield tag="952" ind1=" " ind2=" ">
    <subfield code="0">0</subfield>
    <subfield code="1">0</subfield>
    <subfield code="4">0</subfield>
    <subfield code="7">0</subfield>
    <subfield code="a">BCEJYS</subfield>
    <subfield code="b">BCEJYS</subfield>
    <subfield code="c">17</subfield>
    <subfield code="d">1976-05-28</subfield>
    <subfield code="h">N&#xBA; 132 - mayo 1976</subfield>
    <subfield code="l">0</subfield>
    <subfield code="o">H338 MIN 132</subfield>
    <subfield code="p">R11694</subfield>
    <subfield code="r">2026-04-10 16:08:20</subfield>
    <subfield code="w">2026-04-10</subfield>
    <subfield code="y">RN</subfield>
  </datafield>
  <datafield tag="952" ind1=" " ind2=" ">
    <subfield code="0">0</subfield>
    <subfield code="1">0</subfield>
    <subfield code="4">0</subfield>
    <subfield code="7">0</subfield>
    <subfield code="a">BCEJYS</subfield>
    <subfield code="b">BCEJYS</subfield>
    <subfield code="c">17</subfield>
    <subfield code="d">1976-05-21</subfield>
    <subfield code="h">N&#xBA; 131 - mayo 1976</subfield>
    <subfield code="l">0</subfield>
    <subfield code="o">H338 MIN 131</subfield>
    <subfield code="p">R11693</subfield>
    <subfield code="r">2026-04-10 16:08:20</subfield>
    <subfield code="w">2026-04-10</subfield>
    <subfield code="y">RN</subfield>
  </datafield>
  <datafield tag="952" ind1=" " ind2=" ">
    <subfield code="0">0</subfield>
    <subfield code="1">0</subfield>
    <subfield code="4">0</subfield>
    <subfield code="7">0</subfield>
    <subfield code="a">BCEJYS</subfield>
    <subfield code="b">BCEJYS</subfield>
    <subfield code="c">17</subfield>
    <subfield code="d">1976-04-30</subfield>
    <subfield code="h">N&#xBA; 128 - abr. 1976</subfield>
    <subfield code="l">0</subfield>
    <subfield code="o">H338 MIN 128</subfield>
    <subfield code="p">R11692</subfield>
    <subfield code="r">2026-04-10 16:08:20</subfield>
    <subfield code="w">2026-04-10</subfield>
    <subfield code="y">RN</subfield>
  </datafield>
  <datafield tag="952" ind1=" " ind2=" ">
    <subfield code="0">0</subfield>
    <subfield code="1">0</subfield>
    <subfield code="4">0</subfield>
    <subfield code="7">0</subfield>
    <subfield code="a">BCEJYS</subfield>
    <subfield code="b">BCEJYS</subfield>
    <subfield code="c">17</subfield>
    <subfield code="d">1976-04-23</subfield>
    <subfield code="h">N&#xBA; 127 - abr. 1976</subfield>
    <subfield code="l">0</subfield>
    <subfield code="o">H338 MIN 127</subfield>
    <subfield code="p">R11691</subfield>
    <subfield code="r">2026-04-10 16:08:20</subfield>
    <subfield code="w">2026-04-10</subfield>
    <subfield code="y">RN</subfield>
  </datafield>
  <datafield tag="952" ind1=" " ind2=" ">
    <subfield code="0">0</subfield>
    <subfield code="1">0</subfield>
    <subfield code="4">0</subfield>
    <subfield code="7">0</subfield>
    <subfield code="a">BCEJYS</subfield>
    <subfield code="b">BCEJYS</subfield>
    <subfield code="c">17</subfield>
    <subfield code="d">1976-04-19</subfield>
    <subfield code="h">N&#xBA; 126 - abr. 1976</subfield>
    <subfield code="l">0</subfield>
    <subfield code="o">H338 MIN 126</subfield>
    <subfield code="p">R11690</subfield>
    <subfield code="r">2026-04-10 16:08:20</subfield>
    <subfield code="w">2026-04-10</subfield>
    <subfield code="y">RN</subfield>
  </datafield>
  <datafield tag="952" ind1=" " ind2=" ">
    <subfield code="0">0</subfield>
    <subfield code="1">0</subfield>
    <subfield code="4">0</subfield>
    <subfield code="7">0</subfield>
    <subfield code="a">BCEJYS</subfield>
    <subfield code="b">BCEJYS</subfield>
    <subfield code="c">17</subfield>
    <subfield code="d">1976-04-09</subfield>
    <subfield code="h">N&#xBA; 125 - abr. 1976</subfield>
    <subfield code="l">0</subfield>
    <subfield code="o">H338 MIN 125</subfield>
    <subfield code="p">R11689</subfield>
    <subfield code="r">2026-04-10 16:08:20</subfield>
    <subfield code="w">2026-04-10</subfield>
    <subfield code="y">RN</subfield>
  </datafield>
  <datafield tag="952" ind1=" " ind2=" ">
    <subfield code="0">0</subfield>
    <subfield code="1">0</subfield>
    <subfield code="4">0</subfield>
    <subfield code="7">0</subfield>
    <subfield code="a">BCEJYS</subfield>
    <subfield code="b">BCEJYS</subfield>
    <subfield code="c">17</subfield>
    <subfield code="d">1976-03-19</subfield>
    <subfield code="h">N&#xBA; 124 - mar. 1976</subfield>
    <subfield code="l">0</subfield>
    <subfield code="o">H338 MIN 124</subfield>
    <subfield code="p">R11688</subfield>
    <subfield code="r">2026-04-10 16:08:20</subfield>
    <subfield code="w">2026-04-10</subfield>
    <subfield code="y">RN</subfield>
  </datafield>
  <datafield tag="952" ind1=" " ind2=" ">
    <subfield code="0">0</subfield>
    <subfield code="1">0</subfield>
    <subfield code="4">0</subfield>
    <subfield code="7">0</subfield>
    <subfield code="a">BCEJYS</subfield>
    <subfield code="b">BCEJYS</subfield>
    <subfield code="c">17</subfield>
    <subfield code="d">1976-03-12</subfield>
    <subfield code="h">N&#xBA; 123 - mar. 1976</subfield>
    <subfield code="l">0</subfield>
    <subfield code="o">H338 MIN 123</subfield>
    <subfield code="p">R11687</subfield>
    <subfield code="r">2026-04-10 16:08:20</subfield>
    <subfield code="w">2026-04-10</subfield>
    <subfield code="y">RN</subfield>
  </datafield>
  <datafield tag="952" ind1=" " ind2=" ">
    <subfield code="0">0</subfield>
    <subfield code="1">0</subfield>
    <subfield code="4">0</subfield>
    <subfield code="7">0</subfield>
    <subfield code="a">BCEJYS</subfield>
    <subfield code="b">BCEJYS</subfield>
    <subfield code="c">17</subfield>
    <subfield code="d">1976-03-05</subfield>
    <subfield code="h">N&#xBA; 122 - mar. 1976</subfield>
    <subfield code="l">0</subfield>
    <subfield code="o">H338 MIN 122</subfield>
    <subfield code="p">R11686</subfield>
    <subfield code="r">2026-04-10 16:08:20</subfield>
    <subfield code="w">2026-04-10</subfield>
    <subfield code="y">RN</subfield>
  </datafield>
  <datafield tag="952" ind1=" " ind2=" ">
    <subfield code="0">0</subfield>
    <subfield code="1">0</subfield>
    <subfield code="4">0</subfield>
    <subfield code="7">0</subfield>
    <subfield code="a">BCEJYS</subfield>
    <subfield code="b">BCEJYS</subfield>
    <subfield code="c">17</subfield>
    <subfield code="d">1976-02-27</subfield>
    <subfield code="h">N&#xBA; 121 - feb. 1976</subfield>
    <subfield code="l">0</subfield>
    <subfield code="o">H338 MIN 121</subfield>
    <subfield code="p">R11685</subfield>
    <subfield code="r">2026-04-10 16:08:20</subfield>
    <subfield code="w">2026-04-10</subfield>
    <subfield code="y">RN</subfield>
  </datafield>
  <datafield tag="952" ind1=" " ind2=" ">
    <subfield code="0">0</subfield>
    <subfield code="1">0</subfield>
    <subfield code="4">0</subfield>
    <subfield code="7">0</subfield>
    <subfield code="a">BCEJYS</subfield>
    <subfield code="b">BCEJYS</subfield>
    <subfield code="c">17</subfield>
    <subfield code="d">1976-02-20</subfield>
    <subfield code="h">N&#xBA; 120 - feb. 1976</subfield>
    <subfield code="l">0</subfield>
    <subfield code="o">H338 MIN 120</subfield>
    <subfield code="p">R11684</subfield>
    <subfield code="r">2026-04-10 16:08:20</subfield>
    <subfield code="w">2026-04-10</subfield>
    <subfield code="y">RN</subfield>
  </datafield>
  <datafield tag="952" ind1=" " ind2=" ">
    <subfield code="0">0</subfield>
    <subfield code="1">0</subfield>
    <subfield code="4">0</subfield>
    <subfield code="7">0</subfield>
    <subfield code="a">BCEJYS</subfield>
    <subfield code="b">BCEJYS</subfield>
    <subfield code="c">17</subfield>
    <subfield code="d">1976-02-13</subfield>
    <subfield code="h">N&#xBA; 119 - feb. 1976</subfield>
    <subfield code="l">0</subfield>
    <subfield code="o">H338 MIN 119</subfield>
    <subfield code="p">R11683</subfield>
    <subfield code="r">2026-04-10 16:08:20</subfield>
    <subfield code="w">2026-04-10</subfield>
    <subfield code="y">RN</subfield>
  </datafield>
  <datafield tag="952" ind1=" " ind2=" ">
    <subfield code="0">0</subfield>
    <subfield code="1">0</subfield>
    <subfield code="4">0</subfield>
    <subfield code="7">0</subfield>
    <subfield code="a">BCEJYS</subfield>
    <subfield code="b">BCEJYS</subfield>
    <subfield code="c">17</subfield>
    <subfield code="d">1976-02-06</subfield>
    <subfield code="h">N&#xBA; 118 - feb. 1976</subfield>
    <subfield code="l">0</subfield>
    <subfield code="o">H338 MIN 118</subfield>
    <subfield code="p">R11682</subfield>
    <subfield code="r">2026-04-10 16:08:20</subfield>
    <subfield code="w">2026-04-10</subfield>
    <subfield code="y">RN</subfield>
  </datafield>
  <datafield tag="952" ind1=" " ind2=" ">
    <subfield code="0">0</subfield>
    <subfield code="1">0</subfield>
    <subfield code="4">0</subfield>
    <subfield code="7">0</subfield>
    <subfield code="a">BCEJYS</subfield>
    <subfield code="b">BCEJYS</subfield>
    <subfield code="c">17</subfield>
    <subfield code="d">1976-01-30</subfield>
    <subfield code="h">N&#xBA; 117 - ene. 1976</subfield>
    <subfield code="l">0</subfield>
    <subfield code="o">H338 MIN 117</subfield>
    <subfield code="p">R11681</subfield>
    <subfield code="r">2026-04-10 16:08:20</subfield>
    <subfield code="w">2026-04-10</subfield>
    <subfield code="y">RN</subfield>
  </datafield>
  <datafield tag="952" ind1=" " ind2=" ">
    <subfield code="0">0</subfield>
    <subfield code="1">0</subfield>
    <subfield code="4">0</subfield>
    <subfield code="7">0</subfield>
    <subfield code="a">BCEJYS</subfield>
    <subfield code="b">BCEJYS</subfield>
    <subfield code="c">17</subfield>
    <subfield code="d">1976-01-26</subfield>
    <subfield code="h">N&#xBA; 116 - ene. 1976</subfield>
    <subfield code="l">0</subfield>
    <subfield code="o">H338 MIN 116</subfield>
    <subfield code="p">R11680</subfield>
    <subfield code="r">2026-04-10 16:08:20</subfield>
    <subfield code="w">2026-04-10</subfield>
    <subfield code="y">RN</subfield>
  </datafield>
  <datafield tag="952" ind1=" " ind2=" ">
    <subfield code="0">0</subfield>
    <subfield code="1">0</subfield>
    <subfield code="4">0</subfield>
    <subfield code="7">0</subfield>
    <subfield code="a">BCEJYS</subfield>
    <subfield code="b">BCEJYS</subfield>
    <subfield code="c">17</subfield>
    <subfield code="d">1976-01-20</subfield>
    <subfield code="h">N&#xBA; 115 - ene. 1976</subfield>
    <subfield code="l">0</subfield>
    <subfield code="o">H338 MIN 115</subfield>
    <subfield code="p">R11679</subfield>
    <subfield code="r">2026-04-10 16:08:20</subfield>
    <subfield code="w">2026-04-10</subfield>
    <subfield code="y">RN</subfield>
  </datafield>
  <datafield tag="952" ind1=" " ind2=" ">
    <subfield code="0">0</subfield>
    <subfield code="1">0</subfield>
    <subfield code="4">0</subfield>
    <subfield code="7">0</subfield>
    <subfield code="a">BCEJYS</subfield>
    <subfield code="b">BCEJYS</subfield>
    <subfield code="c">17</subfield>
    <subfield code="d">1976-01-09</subfield>
    <subfield code="h">N&#xBA; 114 - ene. 1976</subfield>
    <subfield code="l">0</subfield>
    <subfield code="o">H338 MIN 114</subfield>
    <subfield code="p">R11678</subfield>
    <subfield code="r">2026-04-10 16:08:20</subfield>
    <subfield code="w">2026-04-10</subfield>
    <subfield code="y">RN</subfield>
  </datafield>
  <datafield tag="952" ind1=" " ind2=" ">
    <subfield code="0">0</subfield>
    <subfield code="1">0</subfield>
    <subfield code="4">0</subfield>
    <subfield code="7">0</subfield>
    <subfield code="a">BCEJYS</subfield>
    <subfield code="b">BCEJYS</subfield>
    <subfield code="c">17</subfield>
    <subfield code="d">1976-01-02</subfield>
    <subfield code="h">N&#xBA; 113 - ene. 1976</subfield>
    <subfield code="l">0</subfield>
    <subfield code="o">H338 MIN 113</subfield>
    <subfield code="p">R11677</subfield>
    <subfield code="r">2026-04-10 16:08:20</subfield>
    <subfield code="w">2026-04-10</subfield>
    <subfield code="y">RN</subfield>
  </datafield>
  <datafield tag="952" ind1=" " ind2=" ">
    <subfield code="0">0</subfield>
    <subfield code="1">0</subfield>
    <subfield code="4">0</subfield>
    <subfield code="7">0</subfield>
    <subfield code="a">BCEJYS</subfield>
    <subfield code="b">BCEJYS</subfield>
    <subfield code="c">17</subfield>
    <subfield code="d">1975-12-26</subfield>
    <subfield code="h">N&#xBA; 112 - dic. 1975</subfield>
    <subfield code="l">0</subfield>
    <subfield code="o">H338 MIN 112</subfield>
    <subfield code="p">R11676</subfield>
    <subfield code="r">2026-04-10 16:08:20</subfield>
    <subfield code="w">2026-04-10</subfield>
    <subfield code="y">RN</subfield>
  </datafield>
  <datafield tag="952" ind1=" " ind2=" ">
    <subfield code="0">0</subfield>
    <subfield code="1">0</subfield>
    <subfield code="4">0</subfield>
    <subfield code="7">0</subfield>
    <subfield code="a">BCEJYS</subfield>
    <subfield code="b">BCEJYS</subfield>
    <subfield code="c">17</subfield>
    <subfield code="d">1975-12-19</subfield>
    <subfield code="h">N&#xBA; 111 - dic. 1975</subfield>
    <subfield code="l">0</subfield>
    <subfield code="o">H338 MIN 111</subfield>
    <subfield code="p">R11675</subfield>
    <subfield code="r">2026-04-10 16:08:20</subfield>
    <subfield code="w">2026-04-10</subfield>
    <subfield code="y">RN</subfield>
  </datafield>
  <datafield tag="952" ind1=" " ind2=" ">
    <subfield code="0">0</subfield>
    <subfield code="1">0</subfield>
    <subfield code="4">0</subfield>
    <subfield code="7">0</subfield>
    <subfield code="a">BCEJYS</subfield>
    <subfield code="b">BCEJYS</subfield>
    <subfield code="c">17</subfield>
    <subfield code="d">1975-12-12</subfield>
    <subfield code="h">N&#xBA; 110 - dic. 1975</subfield>
    <subfield code="l">0</subfield>
    <subfield code="o">H338 MIN 110</subfield>
    <subfield code="p">R11674</subfield>
    <subfield code="r">2026-04-10 16:08:20</subfield>
    <subfield code="w">2026-04-10</subfield>
    <subfield code="y">RN</subfield>
  </datafield>
  <datafield tag="952" ind1=" " ind2=" ">
    <subfield code="0">0</subfield>
    <subfield code="1">0</subfield>
    <subfield code="4">0</subfield>
    <subfield code="7">0</subfield>
    <subfield code="a">BCEJYS</subfield>
    <subfield code="b">BCEJYS</subfield>
    <subfield code="c">17</subfield>
    <subfield code="d">1975-12-05</subfield>
    <subfield code="h">N&#xBA; 109 - dic. 1975</subfield>
    <subfield code="l">0</subfield>
    <subfield code="o">H338 MIN 109</subfield>
    <subfield code="p">R11673</subfield>
    <subfield code="r">2026-04-10 16:08:20</subfield>
    <subfield code="w">2026-04-10</subfield>
    <subfield code="y">RN</subfield>
  </datafield>
  <datafield tag="952" ind1=" " ind2=" ">
    <subfield code="0">0</subfield>
    <subfield code="1">0</subfield>
    <subfield code="4">0</subfield>
    <subfield code="7">0</subfield>
    <subfield code="a">BCEJYS</subfield>
    <subfield code="b">BCEJYS</subfield>
    <subfield code="c">17</subfield>
    <subfield code="d">1975-11-28</subfield>
    <subfield code="h">N&#xBA; 108 - nov. 1975</subfield>
    <subfield code="l">0</subfield>
    <subfield code="o">H338 MIN 108</subfield>
    <subfield code="p">R11672</subfield>
    <subfield code="r">2026-04-10 16:08:20</subfield>
    <subfield code="w">2026-04-10</subfield>
    <subfield code="y">RN</subfield>
  </datafield>
  <datafield tag="952" ind1=" " ind2=" ">
    <subfield code="0">0</subfield>
    <subfield code="1">0</subfield>
    <subfield code="4">0</subfield>
    <subfield code="7">0</subfield>
    <subfield code="a">BCEJYS</subfield>
    <subfield code="b">BCEJYS</subfield>
    <subfield code="c">17</subfield>
    <subfield code="d">1975-11-21</subfield>
    <subfield code="h">N&#xBA; 107 - nov. 1975</subfield>
    <subfield code="l">0</subfield>
    <subfield code="o">H338 MIN 107</subfield>
    <subfield code="p">R11671</subfield>
    <subfield code="r">2026-04-10 16:08:20</subfield>
    <subfield code="w">2026-04-10</subfield>
    <subfield code="y">RN</subfield>
  </datafield>
  <datafield tag="952" ind1=" " ind2=" ">
    <subfield code="0">0</subfield>
    <subfield code="1">0</subfield>
    <subfield code="4">0</subfield>
    <subfield code="7">0</subfield>
    <subfield code="a">BCEJYS</subfield>
    <subfield code="b">BCEJYS</subfield>
    <subfield code="c">17</subfield>
    <subfield code="d">1975-11-14</subfield>
    <subfield code="h">N&#xBA; 106 - nov. 1975</subfield>
    <subfield code="l">0</subfield>
    <subfield code="o">H338 MIN 106</subfield>
    <subfield code="p">R12354</subfield>
    <subfield code="r">2026-04-10 16:08:20</subfield>
    <subfield code="w">2026-04-10</subfield>
    <subfield code="y">RN</subfield>
  </datafield>
  <datafield tag="952" ind1=" " ind2=" ">
    <subfield code="0">0</subfield>
    <subfield code="1">0</subfield>
    <subfield code="4">0</subfield>
    <subfield code="7">0</subfield>
    <subfield code="a">BCEJYS</subfield>
    <subfield code="b">BCEJYS</subfield>
    <subfield code="c">17</subfield>
    <subfield code="d">1975-11-07</subfield>
    <subfield code="h">N&#xBA; 105 - nov. 1975</subfield>
    <subfield code="l">0</subfield>
    <subfield code="o">H338 MIN 105</subfield>
    <subfield code="p">R11670</subfield>
    <subfield code="r">2026-04-10 16:08:20</subfield>
    <subfield code="w">2026-04-10</subfield>
    <subfield code="y">RN</subfield>
  </datafield>
  <datafield tag="952" ind1=" " ind2=" ">
    <subfield code="0">0</subfield>
    <subfield code="1">0</subfield>
    <subfield code="4">0</subfield>
    <subfield code="7">0</subfield>
    <subfield code="a">BCEJYS</subfield>
    <subfield code="b">BCEJYS</subfield>
    <subfield code="c">17</subfield>
    <subfield code="d">1975-10-31</subfield>
    <subfield code="h">N&#xBA; 104 - oct. 1975</subfield>
    <subfield code="l">0</subfield>
    <subfield code="o">H338 MIN 104</subfield>
    <subfield code="p">R11669</subfield>
    <subfield code="r">2026-04-10 16:08:20</subfield>
    <subfield code="w">2026-04-10</subfield>
    <subfield code="y">RN</subfield>
  </datafield>
  <datafield tag="952" ind1=" " ind2=" ">
    <subfield code="0">0</subfield>
    <subfield code="1">0</subfield>
    <subfield code="4">0</subfield>
    <subfield code="7">0</subfield>
    <subfield code="a">BCEJYS</subfield>
    <subfield code="b">BCEJYS</subfield>
    <subfield code="c">17</subfield>
    <subfield code="d">1975-10-24</subfield>
    <subfield code="h">N&#xBA; 103 - oct. 1975</subfield>
    <subfield code="l">0</subfield>
    <subfield code="o">H338 MIN 103</subfield>
    <subfield code="p">R11668</subfield>
    <subfield code="r">2026-04-10 16:08:20</subfield>
    <subfield code="w">2026-04-10</subfield>
    <subfield code="y">RN</subfield>
  </datafield>
  <datafield tag="952" ind1=" " ind2=" ">
    <subfield code="0">0</subfield>
    <subfield code="1">0</subfield>
    <subfield code="4">0</subfield>
    <subfield code="7">0</subfield>
    <subfield code="a">BCEJYS</subfield>
    <subfield code="b">BCEJYS</subfield>
    <subfield code="c">17</subfield>
    <subfield code="d">1975-10-17</subfield>
    <subfield code="h">N&#xBA; 102 - oct. 1975</subfield>
    <subfield code="l">0</subfield>
    <subfield code="o">H338 MIN 102</subfield>
    <subfield code="p">R11667</subfield>
    <subfield code="r">2026-04-10 16:08:20</subfield>
    <subfield code="w">2026-04-10</subfield>
    <subfield code="y">RN</subfield>
  </datafield>
  <datafield tag="952" ind1=" " ind2=" ">
    <subfield code="0">0</subfield>
    <subfield code="1">0</subfield>
    <subfield code="4">0</subfield>
    <subfield code="7">0</subfield>
    <subfield code="a">BCEJYS</subfield>
    <subfield code="b">BCEJYS</subfield>
    <subfield code="c">17</subfield>
    <subfield code="d">1975-10-10</subfield>
    <subfield code="h">N&#xBA; 101 - oct. 1975</subfield>
    <subfield code="l">0</subfield>
    <subfield code="o">H338 MIN 101</subfield>
    <subfield code="p">R11666</subfield>
    <subfield code="r">2026-04-10 16:08:20</subfield>
    <subfield code="w">2026-04-10</subfield>
    <subfield code="y">RN</subfield>
  </datafield>
  <datafield tag="952" ind1=" " ind2=" ">
    <subfield code="0">0</subfield>
    <subfield code="1">0</subfield>
    <subfield code="4">0</subfield>
    <subfield code="7">0</subfield>
    <subfield code="a">BCEJYS</subfield>
    <subfield code="b">BCEJYS</subfield>
    <subfield code="c">17</subfield>
    <subfield code="d">1975-10-03</subfield>
    <subfield code="h">N&#xBA; 100 - oct. 1975</subfield>
    <subfield code="l">0</subfield>
    <subfield code="o">H338 MIN 100</subfield>
    <subfield code="p">R11665</subfield>
    <subfield code="r">2026-04-10 16:08:20</subfield>
    <subfield code="w">2026-04-10</subfield>
    <subfield code="y">RN</subfield>
  </datafield>
  <datafield tag="952" ind1=" " ind2=" ">
    <subfield code="0">0</subfield>
    <subfield code="1">0</subfield>
    <subfield code="4">0</subfield>
    <subfield code="7">0</subfield>
    <subfield code="a">BCEJYS</subfield>
    <subfield code="b">BCEJYS</subfield>
    <subfield code="c">17</subfield>
    <subfield code="d">1975-09-26</subfield>
    <subfield code="h">N&#xBA; 99 - sep. 1975</subfield>
    <subfield code="l">0</subfield>
    <subfield code="o">H338 MIN 99</subfield>
    <subfield code="p">R12660</subfield>
    <subfield code="r">2026-04-10 16:08:20</subfield>
    <subfield code="w">2026-04-10</subfield>
    <subfield code="y">RN</subfield>
  </datafield>
  <datafield tag="952" ind1=" " ind2=" ">
    <subfield code="0">0</subfield>
    <subfield code="1">0</subfield>
    <subfield code="4">0</subfield>
    <subfield code="7">0</subfield>
    <subfield code="a">BCEJYS</subfield>
    <subfield code="b">BCEJYS</subfield>
    <subfield code="c">17</subfield>
    <subfield code="d">1975-09-19</subfield>
    <subfield code="h">N&#xBA; 98 - sep. 1975</subfield>
    <subfield code="l">0</subfield>
    <subfield code="o">H338 MIN 98</subfield>
    <subfield code="p">R11664</subfield>
    <subfield code="r">2026-04-10 16:08:20</subfield>
    <subfield code="w">2026-04-10</subfield>
    <subfield code="y">RN</subfield>
  </datafield>
  <datafield tag="952" ind1=" " ind2=" ">
    <subfield code="0">0</subfield>
    <subfield code="1">0</subfield>
    <subfield code="4">0</subfield>
    <subfield code="7">0</subfield>
    <subfield code="a">BCEJYS</subfield>
    <subfield code="b">BCEJYS</subfield>
    <subfield code="c">17</subfield>
    <subfield code="d">1975-09-12</subfield>
    <subfield code="h">N&#xBA; 97 - sep. 1975</subfield>
    <subfield code="l">0</subfield>
    <subfield code="o">H338 MIN 97</subfield>
    <subfield code="p">R11663</subfield>
    <subfield code="r">2026-04-10 16:08:20</subfield>
    <subfield code="w">2026-04-10</subfield>
    <subfield code="y">RN</subfield>
  </datafield>
  <datafield tag="952" ind1=" " ind2=" ">
    <subfield code="0">0</subfield>
    <subfield code="1">0</subfield>
    <subfield code="4">0</subfield>
    <subfield code="7">0</subfield>
    <subfield code="a">BCEJYS</subfield>
    <subfield code="b">BCEJYS</subfield>
    <subfield code="c">17</subfield>
    <subfield code="d">1975-09-05</subfield>
    <subfield code="h">N&#xBA; 96 - sep. 1975</subfield>
    <subfield code="l">0</subfield>
    <subfield code="o">H338 MIN 96</subfield>
    <subfield code="p">R11662</subfield>
    <subfield code="r">2026-04-10 16:08:20</subfield>
    <subfield code="w">2026-04-10</subfield>
    <subfield code="y">RN</subfield>
  </datafield>
  <datafield tag="952" ind1=" " ind2=" ">
    <subfield code="0">0</subfield>
    <subfield code="1">0</subfield>
    <subfield code="4">0</subfield>
    <subfield code="7">0</subfield>
    <subfield code="a">BCEJYS</subfield>
    <subfield code="b">BCEJYS</subfield>
    <subfield code="c">17</subfield>
    <subfield code="d">1975-08-29</subfield>
    <subfield code="h">N&#xBA; 95 - ago. 1975</subfield>
    <subfield code="l">0</subfield>
    <subfield code="o">H338 MIN 95</subfield>
    <subfield code="p">R11661</subfield>
    <subfield code="r">2026-04-10 16:08:20</subfield>
    <subfield code="w">2026-04-10</subfield>
    <subfield code="y">RN</subfield>
  </datafield>
  <datafield tag="952" ind1=" " ind2=" ">
    <subfield code="0">0</subfield>
    <subfield code="1">0</subfield>
    <subfield code="4">0</subfield>
    <subfield code="7">0</subfield>
    <subfield code="a">BCEJYS</subfield>
    <subfield code="b">BCEJYS</subfield>
    <subfield code="c">17</subfield>
    <subfield code="d">1975-08-22</subfield>
    <subfield code="h">N&#xBA; 94 - ago. 1975</subfield>
    <subfield code="l">0</subfield>
    <subfield code="o">H338 MIN 94</subfield>
    <subfield code="p">R11660</subfield>
    <subfield code="r">2026-04-10 16:08:20</subfield>
    <subfield code="w">2026-04-10</subfield>
    <subfield code="y">RN</subfield>
  </datafield>
  <datafield tag="952" ind1=" " ind2=" ">
    <subfield code="0">0</subfield>
    <subfield code="1">0</subfield>
    <subfield code="4">0</subfield>
    <subfield code="7">0</subfield>
    <subfield code="a">BCEJYS</subfield>
    <subfield code="b">BCEJYS</subfield>
    <subfield code="c">17</subfield>
    <subfield code="d">1975-06-19</subfield>
    <subfield code="h">N&#xBA; 86 - jun. 1975</subfield>
    <subfield code="l">0</subfield>
    <subfield code="o">H338 MIN 86</subfield>
    <subfield code="p">R11659</subfield>
    <subfield code="r">2026-04-10 16:08:20</subfield>
    <subfield code="w">2026-04-10</subfield>
    <subfield code="y">RN</subfield>
  </datafield>
  <datafield tag="952" ind1=" " ind2=" ">
    <subfield code="0">0</subfield>
    <subfield code="1">0</subfield>
    <subfield code="4">0</subfield>
    <subfield code="7">0</subfield>
    <subfield code="a">BCEJYS</subfield>
    <subfield code="b">BCEJYS</subfield>
    <subfield code="c">17</subfield>
    <subfield code="d">1975-06-13</subfield>
    <subfield code="h">N&#xBA; 85 - jun. 1975</subfield>
    <subfield code="l">0</subfield>
    <subfield code="o">H338 MIN 85</subfield>
    <subfield code="p">R11658</subfield>
    <subfield code="r">2026-04-10 16:08:20</subfield>
    <subfield code="w">2026-04-10</subfield>
    <subfield code="y">RN</subfield>
  </datafield>
  <datafield tag="952" ind1=" " ind2=" ">
    <subfield code="0">0</subfield>
    <subfield code="1">0</subfield>
    <subfield code="4">0</subfield>
    <subfield code="7">0</subfield>
    <subfield code="a">BCEJYS</subfield>
    <subfield code="b">BCEJYS</subfield>
    <subfield code="c">17</subfield>
    <subfield code="d">1975-06-06</subfield>
    <subfield code="h">N&#xBA; 84 - jun. 1975</subfield>
    <subfield code="l">0</subfield>
    <subfield code="o">H338 MIN 84</subfield>
    <subfield code="p">R11657</subfield>
    <subfield code="r">2026-04-10 16:08:20</subfield>
    <subfield code="w">2026-04-10</subfield>
    <subfield code="y">RN</subfield>
  </datafield>
  <datafield tag="952" ind1=" " ind2=" ">
    <subfield code="0">0</subfield>
    <subfield code="1">0</subfield>
    <subfield code="4">0</subfield>
    <subfield code="7">0</subfield>
    <subfield code="a">BCEJYS</subfield>
    <subfield code="b">BCEJYS</subfield>
    <subfield code="c">17</subfield>
    <subfield code="d">1975-05-02</subfield>
    <subfield code="h">N&#xBA; 79 - mayo 1975</subfield>
    <subfield code="l">0</subfield>
    <subfield code="o">H338 MIN 79</subfield>
    <subfield code="p">R11656</subfield>
    <subfield code="r">2026-04-10 16:08:20</subfield>
    <subfield code="w">2026-04-10</subfield>
    <subfield code="y">RN</subfield>
  </datafield>
  <datafield tag="952" ind1=" " ind2=" ">
    <subfield code="0">0</subfield>
    <subfield code="1">0</subfield>
    <subfield code="4">0</subfield>
    <subfield code="7">0</subfield>
    <subfield code="a">BCEJYS</subfield>
    <subfield code="b">BCEJYS</subfield>
    <subfield code="c">17</subfield>
    <subfield code="d">1975-04-25</subfield>
    <subfield code="h">N&#xBA; 78 - abr. 1975</subfield>
    <subfield code="l">0</subfield>
    <subfield code="o">H338 MIN 78</subfield>
    <subfield code="p">R11655</subfield>
    <subfield code="r">2026-04-10 16:08:20</subfield>
    <subfield code="w">2026-04-10</subfield>
    <subfield code="y">RN</subfield>
  </datafield>
  <datafield tag="952" ind1=" " ind2=" ">
    <subfield code="0">0</subfield>
    <subfield code="1">0</subfield>
    <subfield code="4">0</subfield>
    <subfield code="7">0</subfield>
    <subfield code="a">BCEJYS</subfield>
    <subfield code="b">BCEJYS</subfield>
    <subfield code="c">17</subfield>
    <subfield code="d">1975-02-21</subfield>
    <subfield code="h">N&#xBA; 70 - feb. 1975</subfield>
    <subfield code="l">0</subfield>
    <subfield code="o">H338 MIN 70</subfield>
    <subfield code="p">R11654</subfield>
    <subfield code="r">2026-04-10 16:08:20</subfield>
    <subfield code="w">2026-04-10</subfield>
    <subfield code="y">RN</subfield>
  </datafield>
  <datafield tag="952" ind1=" " ind2=" ">
    <subfield code="0">0</subfield>
    <subfield code="1">0</subfield>
    <subfield code="4">0</subfield>
    <subfield code="7">0</subfield>
    <subfield code="a">BCEJYS</subfield>
    <subfield code="b">BCEJYS</subfield>
    <subfield code="c">17</subfield>
    <subfield code="d">1975-02-14</subfield>
    <subfield code="h">N&#xBA; 69 - feb. 1975</subfield>
    <subfield code="l">0</subfield>
    <subfield code="o">H338 MIN 69</subfield>
    <subfield code="p">R11653</subfield>
    <subfield code="r">2026-04-10 16:08:20</subfield>
    <subfield code="w">2026-04-10</subfield>
    <subfield code="y">RN</subfield>
  </datafield>
  <datafield tag="952" ind1=" " ind2=" ">
    <subfield code="0">0</subfield>
    <subfield code="1">0</subfield>
    <subfield code="4">0</subfield>
    <subfield code="7">0</subfield>
    <subfield code="a">BCEJYS</subfield>
    <subfield code="b">BCEJYS</subfield>
    <subfield code="c">17</subfield>
    <subfield code="d">1975-02-07</subfield>
    <subfield code="h">N&#xBA; 68 - feb. 1975</subfield>
    <subfield code="l">0</subfield>
    <subfield code="o">H338 MIN 68</subfield>
    <subfield code="p">R11652</subfield>
    <subfield code="r">2026-04-10 16:08:20</subfield>
    <subfield code="w">2026-04-10</subfield>
    <subfield code="y">RN</subfield>
  </datafield>
  <datafield tag="952" ind1=" " ind2=" ">
    <subfield code="0">0</subfield>
    <subfield code="1">0</subfield>
    <subfield code="4">0</subfield>
    <subfield code="7">0</subfield>
    <subfield code="a">BCEJYS</subfield>
    <subfield code="b">BCEJYS</subfield>
    <subfield code="c">17</subfield>
    <subfield code="d">1975-01-31</subfield>
    <subfield code="h">N&#xBA; 67 - ene. 1975</subfield>
    <subfield code="l">0</subfield>
    <subfield code="o">H338 MIN 67</subfield>
    <subfield code="p">R12659</subfield>
    <subfield code="r">2026-04-10 16:08:20</subfield>
    <subfield code="w">2026-04-10</subfield>
    <subfield code="y">RN</subfield>
  </datafield>
  <datafield tag="952" ind1=" " ind2=" ">
    <subfield code="0">0</subfield>
    <subfield code="1">0</subfield>
    <subfield code="4">0</subfield>
    <subfield code="7">0</subfield>
    <subfield code="a">BCEJYS</subfield>
    <subfield code="b">BCEJYS</subfield>
    <subfield code="c">17</subfield>
    <subfield code="d">1975-01-24</subfield>
    <subfield code="h">N&#xBA; 66 - ene. 1975</subfield>
    <subfield code="l">0</subfield>
    <subfield code="o">H338 MIN 66</subfield>
    <subfield code="p">R12658</subfield>
    <subfield code="r">2026-04-10 16:08:20</subfield>
    <subfield code="w">2026-04-10</subfield>
    <subfield code="y">RN</subfield>
  </datafield>
  <datafield tag="952" ind1=" " ind2=" ">
    <subfield code="0">0</subfield>
    <subfield code="1">0</subfield>
    <subfield code="4">0</subfield>
    <subfield code="7">0</subfield>
    <subfield code="a">BCEJYS</subfield>
    <subfield code="b">BCEJYS</subfield>
    <subfield code="c">17</subfield>
    <subfield code="d">1975-01-17</subfield>
    <subfield code="h">N&#xBA; 65 - ene. 1975</subfield>
    <subfield code="l">0</subfield>
    <subfield code="o">H338 MIN 65</subfield>
    <subfield code="p">R12657</subfield>
    <subfield code="r">2026-04-10 16:08:20</subfield>
    <subfield code="w">2026-04-10</subfield>
    <subfield code="y">RN</subfield>
  </datafield>
  <datafield tag="952" ind1=" " ind2=" ">
    <subfield code="0">0</subfield>
    <subfield code="1">0</subfield>
    <subfield code="4">0</subfield>
    <subfield code="7">0</subfield>
    <subfield code="a">BCEJYS</subfield>
    <subfield code="b">BCEJYS</subfield>
    <subfield code="c">17</subfield>
    <subfield code="d">1975-01-10</subfield>
    <subfield code="h">N&#xBA; 64 - ene. 1975</subfield>
    <subfield code="l">0</subfield>
    <subfield code="o">H338 MIN 64</subfield>
    <subfield code="p">R12656</subfield>
    <subfield code="r">2026-04-10 16:08:20</subfield>
    <subfield code="w">2026-04-10</subfield>
    <subfield code="y">RN</subfield>
  </datafield>
  <datafield tag="952" ind1=" " ind2=" ">
    <subfield code="0">0</subfield>
    <subfield code="1">0</subfield>
    <subfield code="4">0</subfield>
    <subfield code="7">0</subfield>
    <subfield code="a">BCEJYS</subfield>
    <subfield code="b">BCEJYS</subfield>
    <subfield code="c">17</subfield>
    <subfield code="d">1975-01-03</subfield>
    <subfield code="h">N&#xBA; 63 - ene. 1975</subfield>
    <subfield code="l">0</subfield>
    <subfield code="o">H338 MIN 63</subfield>
    <subfield code="p">R12655</subfield>
    <subfield code="r">2026-04-10 16:08:20</subfield>
    <subfield code="w">2026-04-10</subfield>
    <subfield code="y">RN</subfield>
  </datafield>
  <datafield tag="952" ind1=" " ind2=" ">
    <subfield code="0">0</subfield>
    <subfield code="1">0</subfield>
    <subfield code="4">0</subfield>
    <subfield code="7">0</subfield>
    <subfield code="a">BCEJYS</subfield>
    <subfield code="b">BCEJYS</subfield>
    <subfield code="c">17</subfield>
    <subfield code="d">1974-12-27</subfield>
    <subfield code="h">N&#xBA; 62 - dic. 1974</subfield>
    <subfield code="l">0</subfield>
    <subfield code="o">H338 MIN 62</subfield>
    <subfield code="p">R11651</subfield>
    <subfield code="r">2026-04-10 16:08:20</subfield>
    <subfield code="w">2026-04-10</subfield>
    <subfield code="y">RN</subfield>
  </datafield>
  <datafield tag="952" ind1=" " ind2=" ">
    <subfield code="0">0</subfield>
    <subfield code="1">0</subfield>
    <subfield code="4">0</subfield>
    <subfield code="7">0</subfield>
    <subfield code="a">BCEJYS</subfield>
    <subfield code="b">BCEJYS</subfield>
    <subfield code="c">17</subfield>
    <subfield code="d">1974-12-20</subfield>
    <subfield code="h">N&#xBA; 61 - dic. 1974</subfield>
    <subfield code="l">0</subfield>
    <subfield code="o">H338 MIN 61</subfield>
    <subfield code="p">R11650</subfield>
    <subfield code="r">2026-04-10 16:08:20</subfield>
    <subfield code="w">2026-04-10</subfield>
    <subfield code="y">RN</subfield>
  </datafield>
  <datafield tag="952" ind1=" " ind2=" ">
    <subfield code="0">0</subfield>
    <subfield code="1">0</subfield>
    <subfield code="4">0</subfield>
    <subfield code="7">0</subfield>
    <subfield code="a">BCEJYS</subfield>
    <subfield code="b">BCEJYS</subfield>
    <subfield code="c">17</subfield>
    <subfield code="d">1974-12-13</subfield>
    <subfield code="h">N&#xBA; 60 - dic. 1974</subfield>
    <subfield code="l">0</subfield>
    <subfield code="o">H338 MIN 60</subfield>
    <subfield code="p">R11649</subfield>
    <subfield code="r">2026-04-10 16:08:20</subfield>
    <subfield code="w">2026-04-10</subfield>
    <subfield code="y">RN</subfield>
  </datafield>
  <datafield tag="952" ind1=" " ind2=" ">
    <subfield code="0">0</subfield>
    <subfield code="1">0</subfield>
    <subfield code="4">0</subfield>
    <subfield code="7">0</subfield>
    <subfield code="a">BCEJYS</subfield>
    <subfield code="b">BCEJYS</subfield>
    <subfield code="c">17</subfield>
    <subfield code="d">1974-12-06</subfield>
    <subfield code="h">N&#xBA; 59 - dic. 1974</subfield>
    <subfield code="l">0</subfield>
    <subfield code="o">H338 MIN 59</subfield>
    <subfield code="p">R11648</subfield>
    <subfield code="r">2026-04-10 16:08:20</subfield>
    <subfield code="w">2026-04-10</subfield>
    <subfield code="y">RN</subfield>
  </datafield>
  <datafield tag="952" ind1=" " ind2=" ">
    <subfield code="0">0</subfield>
    <subfield code="1">0</subfield>
    <subfield code="4">0</subfield>
    <subfield code="7">0</subfield>
    <subfield code="a">BCEJYS</subfield>
    <subfield code="b">BCEJYS</subfield>
    <subfield code="c">17</subfield>
    <subfield code="d">1974-11-29</subfield>
    <subfield code="h">N&#xBA; 58 - nov. 1974</subfield>
    <subfield code="l">0</subfield>
    <subfield code="o">H338 MIN 58</subfield>
    <subfield code="p">R11647</subfield>
    <subfield code="r">2026-04-10 16:08:20</subfield>
    <subfield code="w">2026-04-10</subfield>
    <subfield code="y">RN</subfield>
  </datafield>
  <datafield tag="952" ind1=" " ind2=" ">
    <subfield code="0">0</subfield>
    <subfield code="1">0</subfield>
    <subfield code="4">0</subfield>
    <subfield code="7">0</subfield>
    <subfield code="a">BCEJYS</subfield>
    <subfield code="b">BCEJYS</subfield>
    <subfield code="c">17</subfield>
    <subfield code="d">1974-11-22</subfield>
    <subfield code="h">N&#xBA; 57 - nov. 1974</subfield>
    <subfield code="l">0</subfield>
    <subfield code="o">H338 MIN 57</subfield>
    <subfield code="p">R11646</subfield>
    <subfield code="r">2026-04-10 16:08:20</subfield>
    <subfield code="w">2026-04-10</subfield>
    <subfield code="y">RN</subfield>
  </datafield>
  <datafield tag="952" ind1=" " ind2=" ">
    <subfield code="0">0</subfield>
    <subfield code="1">0</subfield>
    <subfield code="4">0</subfield>
    <subfield code="7">0</subfield>
    <subfield code="a">BCEJYS</subfield>
    <subfield code="b">BCEJYS</subfield>
    <subfield code="c">17</subfield>
    <subfield code="d">1974-11-15</subfield>
    <subfield code="h">N&#xBA; 56 - nov. 1974</subfield>
    <subfield code="l">0</subfield>
    <subfield code="o">H338 MIN 56</subfield>
    <subfield code="p">R11645</subfield>
    <subfield code="r">2026-04-10 16:08:20</subfield>
    <subfield code="w">2026-04-10</subfield>
    <subfield code="y">RN</subfield>
  </datafield>
  <datafield tag="952" ind1=" " ind2=" ">
    <subfield code="0">0</subfield>
    <subfield code="1">0</subfield>
    <subfield code="4">0</subfield>
    <subfield code="7">0</subfield>
    <subfield code="a">BCEJYS</subfield>
    <subfield code="b">BCEJYS</subfield>
    <subfield code="c">17</subfield>
    <subfield code="d">1974-11-08</subfield>
    <subfield code="h">N&#xBA; 55 - nov. 1974</subfield>
    <subfield code="l">0</subfield>
    <subfield code="o">H338 MIN 55</subfield>
    <subfield code="p">R11644</subfield>
    <subfield code="r">2026-04-10 16:08:20</subfield>
    <subfield code="w">2026-04-10</subfield>
    <subfield code="y">RN</subfield>
  </datafield>
  <datafield tag="952" ind1=" " ind2=" ">
    <subfield code="0">0</subfield>
    <subfield code="1">0</subfield>
    <subfield code="4">0</subfield>
    <subfield code="7">0</subfield>
    <subfield code="a">BCEJYS</subfield>
    <subfield code="b">BCEJYS</subfield>
    <subfield code="c">17</subfield>
    <subfield code="d">1974-10-31</subfield>
    <subfield code="h">N&#xBA; 54 - oct. 1974</subfield>
    <subfield code="l">0</subfield>
    <subfield code="o">H338 MIN 54</subfield>
    <subfield code="p">R11643</subfield>
    <subfield code="r">2026-04-10 16:08:20</subfield>
    <subfield code="w">2026-04-10</subfield>
    <subfield code="y">RN</subfield>
  </datafield>
  <datafield tag="952" ind1=" " ind2=" ">
    <subfield code="0">0</subfield>
    <subfield code="1">0</subfield>
    <subfield code="4">0</subfield>
    <subfield code="7">0</subfield>
    <subfield code="a">BCEJYS</subfield>
    <subfield code="b">BCEJYS</subfield>
    <subfield code="c">17</subfield>
    <subfield code="d">1974-10-25</subfield>
    <subfield code="h">N&#xBA; 53 - oct. 1974</subfield>
    <subfield code="l">0</subfield>
    <subfield code="o">H338 MIN 53</subfield>
    <subfield code="p">R11642</subfield>
    <subfield code="r">2026-04-10 16:08:20</subfield>
    <subfield code="w">2026-04-10</subfield>
    <subfield code="y">RN</subfield>
  </datafield>
  <datafield tag="952" ind1=" " ind2=" ">
    <subfield code="0">0</subfield>
    <subfield code="1">0</subfield>
    <subfield code="4">0</subfield>
    <subfield code="7">0</subfield>
    <subfield code="a">BCEJYS</subfield>
    <subfield code="b">BCEJYS</subfield>
    <subfield code="c">17</subfield>
    <subfield code="d">1974-10-18</subfield>
    <subfield code="h">N&#xBA; 52 - oct. 1974</subfield>
    <subfield code="l">0</subfield>
    <subfield code="o">H338 MIN 52</subfield>
    <subfield code="p">R11641</subfield>
    <subfield code="r">2026-04-10 16:08:20</subfield>
    <subfield code="w">2026-04-10</subfield>
    <subfield code="y">RN</subfield>
  </datafield>
  <datafield tag="952" ind1=" " ind2=" ">
    <subfield code="0">0</subfield>
    <subfield code="1">0</subfield>
    <subfield code="4">0</subfield>
    <subfield code="7">0</subfield>
    <subfield code="a">BCEJYS</subfield>
    <subfield code="b">BCEJYS</subfield>
    <subfield code="c">17</subfield>
    <subfield code="d">1974-10-11</subfield>
    <subfield code="h">N&#xBA; 51 - oct. 1974</subfield>
    <subfield code="l">0</subfield>
    <subfield code="o">H338 MIN 51</subfield>
    <subfield code="p">R11640</subfield>
    <subfield code="r">2026-04-10 16:08:20</subfield>
    <subfield code="w">2026-04-10</subfield>
    <subfield code="y">RN</subfield>
  </datafield>
  <datafield tag="952" ind1=" " ind2=" ">
    <subfield code="0">0</subfield>
    <subfield code="1">0</subfield>
    <subfield code="4">0</subfield>
    <subfield code="7">0</subfield>
    <subfield code="a">BCEJYS</subfield>
    <subfield code="b">BCEJYS</subfield>
    <subfield code="c">17</subfield>
    <subfield code="d">1974-10-04</subfield>
    <subfield code="h">N&#xBA; 50 - oct. 1974</subfield>
    <subfield code="l">0</subfield>
    <subfield code="o">H338 MIN 50</subfield>
    <subfield code="p">R11639</subfield>
    <subfield code="r">2026-04-10 16:08:20</subfield>
    <subfield code="w">2026-04-10</subfield>
    <subfield code="y">RN</subfield>
  </datafield>
  <datafield tag="952" ind1=" " ind2=" ">
    <subfield code="0">0</subfield>
    <subfield code="1">0</subfield>
    <subfield code="4">0</subfield>
    <subfield code="7">0</subfield>
    <subfield code="a">BCEJYS</subfield>
    <subfield code="b">BCEJYS</subfield>
    <subfield code="c">17</subfield>
    <subfield code="d">1974-09-27</subfield>
    <subfield code="h">N&#xBA; 49 - sep. 1974</subfield>
    <subfield code="l">0</subfield>
    <subfield code="o">H338 MIN 49</subfield>
    <subfield code="p">R11638</subfield>
    <subfield code="r">2026-04-10 16:08:20</subfield>
    <subfield code="w">2026-04-10</subfield>
    <subfield code="y">RN</subfield>
  </datafield>
  <datafield tag="952" ind1=" " ind2=" ">
    <subfield code="0">0</subfield>
    <subfield code="1">0</subfield>
    <subfield code="4">0</subfield>
    <subfield code="7">0</subfield>
    <subfield code="a">BCEJYS</subfield>
    <subfield code="b">BCEJYS</subfield>
    <subfield code="c">17</subfield>
    <subfield code="d">1974-09-20</subfield>
    <subfield code="h">N&#xBA; 48 - sep. 1974</subfield>
    <subfield code="l">0</subfield>
    <subfield code="o">H338 MIN 48</subfield>
    <subfield code="p">R11637</subfield>
    <subfield code="r">2026-04-10 16:08:20</subfield>
    <subfield code="w">2026-04-10</subfield>
    <subfield code="y">RN</subfield>
  </datafield>
  <datafield tag="952" ind1=" " ind2=" ">
    <subfield code="0">0</subfield>
    <subfield code="1">0</subfield>
    <subfield code="4">0</subfield>
    <subfield code="7">0</subfield>
    <subfield code="a">BCEJYS</subfield>
    <subfield code="b">BCEJYS</subfield>
    <subfield code="c">17</subfield>
    <subfield code="d">1974-09-13</subfield>
    <subfield code="h">N&#xBA; 47 - sep. 1974</subfield>
    <subfield code="l">0</subfield>
    <subfield code="o">H338 MIN 47</subfield>
    <subfield code="p">R11636</subfield>
    <subfield code="r">2026-04-10 16:08:20</subfield>
    <subfield code="w">2026-04-10</subfield>
    <subfield code="y">RN</subfield>
  </datafield>
  <datafield tag="952" ind1=" " ind2=" ">
    <subfield code="0">0</subfield>
    <subfield code="1">0</subfield>
    <subfield code="4">0</subfield>
    <subfield code="7">0</subfield>
    <subfield code="a">BCEJYS</subfield>
    <subfield code="b">BCEJYS</subfield>
    <subfield code="c">17</subfield>
    <subfield code="d">1974-09-06</subfield>
    <subfield code="h">N&#xBA; 46 - sep. 1974</subfield>
    <subfield code="l">0</subfield>
    <subfield code="o">H338 MIN 46</subfield>
    <subfield code="p">R11635</subfield>
    <subfield code="r">2026-04-10 16:08:20</subfield>
    <subfield code="w">2026-04-10</subfield>
    <subfield code="y">RN</subfield>
  </datafield>
  <datafield tag="952" ind1=" " ind2=" ">
    <subfield code="0">0</subfield>
    <subfield code="1">0</subfield>
    <subfield code="4">0</subfield>
    <subfield code="7">0</subfield>
    <subfield code="a">BCEJYS</subfield>
    <subfield code="b">BCEJYS</subfield>
    <subfield code="c">17</subfield>
    <subfield code="d">1974-08-30</subfield>
    <subfield code="h">N&#xBA; 45 - ago. 1974</subfield>
    <subfield code="l">0</subfield>
    <subfield code="o">H338 MIN 45</subfield>
    <subfield code="p">R11634</subfield>
    <subfield code="r">2026-04-10 16:08:20</subfield>
    <subfield code="w">2026-04-10</subfield>
    <subfield code="y">RN</subfield>
  </datafield>
  <datafield tag="952" ind1=" " ind2=" ">
    <subfield code="0">0</subfield>
    <subfield code="1">0</subfield>
    <subfield code="4">0</subfield>
    <subfield code="7">0</subfield>
    <subfield code="a">BCEJYS</subfield>
    <subfield code="b">BCEJYS</subfield>
    <subfield code="c">17</subfield>
    <subfield code="d">1974-08-23</subfield>
    <subfield code="h">N&#xBA; 44 - ago. 1974</subfield>
    <subfield code="l">0</subfield>
    <subfield code="o">H338 MIN 44</subfield>
    <subfield code="p">R11633</subfield>
    <subfield code="r">2026-04-10 16:08:20</subfield>
    <subfield code="w">2026-04-10</subfield>
    <subfield code="y">RN</subfield>
  </datafield>
  <datafield tag="952" ind1=" " ind2=" ">
    <subfield code="0">0</subfield>
    <subfield code="1">0</subfield>
    <subfield code="4">0</subfield>
    <subfield code="7">0</subfield>
    <subfield code="a">BCEJYS</subfield>
    <subfield code="b">BCEJYS</subfield>
    <subfield code="c">17</subfield>
    <subfield code="d">1974-08-16</subfield>
    <subfield code="h">N&#xBA; 43 - ago. 1974</subfield>
    <subfield code="l">0</subfield>
    <subfield code="o">H338 MIN 43</subfield>
    <subfield code="p">R11632</subfield>
    <subfield code="r">2026-04-10 16:08:20</subfield>
    <subfield code="w">2026-04-10</subfield>
    <subfield code="y">RN</subfield>
  </datafield>
  <datafield tag="952" ind1=" " ind2=" ">
    <subfield code="0">0</subfield>
    <subfield code="1">0</subfield>
    <subfield code="4">0</subfield>
    <subfield code="7">0</subfield>
    <subfield code="a">BCEJYS</subfield>
    <subfield code="b">BCEJYS</subfield>
    <subfield code="c">17</subfield>
    <subfield code="d">1974-08-09</subfield>
    <subfield code="h">N&#xBA; 42 - ago. 1974</subfield>
    <subfield code="l">0</subfield>
    <subfield code="o">H338 MIN 42</subfield>
    <subfield code="p">R11631</subfield>
    <subfield code="r">2026-04-10 16:08:20</subfield>
    <subfield code="w">2026-04-10</subfield>
    <subfield code="y">RN</subfield>
  </datafield>
  <datafield tag="952" ind1=" " ind2=" ">
    <subfield code="0">0</subfield>
    <subfield code="1">0</subfield>
    <subfield code="4">0</subfield>
    <subfield code="7">0</subfield>
    <subfield code="a">BCEJYS</subfield>
    <subfield code="b">BCEJYS</subfield>
    <subfield code="c">17</subfield>
    <subfield code="d">1974-08-02</subfield>
    <subfield code="h">N&#xBA; 41 - ago. 1974</subfield>
    <subfield code="l">0</subfield>
    <subfield code="o">H338 MIN 41</subfield>
    <subfield code="p">R11630</subfield>
    <subfield code="r">2026-04-10 16:08:20</subfield>
    <subfield code="w">2026-04-10</subfield>
    <subfield code="y">RN</subfield>
  </datafield>
  <datafield tag="952" ind1=" " ind2=" ">
    <subfield code="0">0</subfield>
    <subfield code="1">0</subfield>
    <subfield code="4">0</subfield>
    <subfield code="7">0</subfield>
    <subfield code="a">BCEJYS</subfield>
    <subfield code="b">BCEJYS</subfield>
    <subfield code="c">17</subfield>
    <subfield code="d">1974-07-26</subfield>
    <subfield code="h">N&#xBA; 40 - jul. 1974</subfield>
    <subfield code="l">0</subfield>
    <subfield code="o">H338 MIN 40</subfield>
    <subfield code="p">R11629</subfield>
    <subfield code="r">2026-04-10 16:08:20</subfield>
    <subfield code="w">2026-04-10</subfield>
    <subfield code="y">RN</subfield>
  </datafield>
  <datafield tag="952" ind1=" " ind2=" ">
    <subfield code="0">0</subfield>
    <subfield code="1">0</subfield>
    <subfield code="4">0</subfield>
    <subfield code="7">0</subfield>
    <subfield code="a">BCEJYS</subfield>
    <subfield code="b">BCEJYS</subfield>
    <subfield code="c">17</subfield>
    <subfield code="d">1974-07-19</subfield>
    <subfield code="h">N&#xBA; 39 - jul. 1974</subfield>
    <subfield code="l">0</subfield>
    <subfield code="o">H338 MIN 39</subfield>
    <subfield code="p">R11628</subfield>
    <subfield code="r">2026-04-10 16:08:20</subfield>
    <subfield code="w">2026-04-10</subfield>
    <subfield code="y">RN</subfield>
  </datafield>
  <datafield tag="952" ind1=" " ind2=" ">
    <subfield code="0">0</subfield>
    <subfield code="1">0</subfield>
    <subfield code="4">0</subfield>
    <subfield code="7">0</subfield>
    <subfield code="a">BCEJYS</subfield>
    <subfield code="b">BCEJYS</subfield>
    <subfield code="c">17</subfield>
    <subfield code="d">1974-07-12</subfield>
    <subfield code="h">N&#xBA; 38 - jul. 1974</subfield>
    <subfield code="l">0</subfield>
    <subfield code="o">H338 MIN 38</subfield>
    <subfield code="p">R11627</subfield>
    <subfield code="r">2026-04-10 16:08:20</subfield>
    <subfield code="w">2026-04-10</subfield>
    <subfield code="y">RN</subfield>
  </datafield>
  <datafield tag="952" ind1=" " ind2=" ">
    <subfield code="0">0</subfield>
    <subfield code="1">0</subfield>
    <subfield code="4">0</subfield>
    <subfield code="7">0</subfield>
    <subfield code="a">BCEJYS</subfield>
    <subfield code="b">BCEJYS</subfield>
    <subfield code="c">17</subfield>
    <subfield code="d">1974-07-05</subfield>
    <subfield code="h">N&#xBA; 37 - jul. 1974</subfield>
    <subfield code="l">0</subfield>
    <subfield code="o">H338 MIN 37</subfield>
    <subfield code="p">R11626</subfield>
    <subfield code="r">2026-04-10 16:08:20</subfield>
    <subfield code="w">2026-04-10</subfield>
    <subfield code="y">RN</subfield>
  </datafield>
  <datafield tag="952" ind1=" " ind2=" ">
    <subfield code="0">0</subfield>
    <subfield code="1">0</subfield>
    <subfield code="4">0</subfield>
    <subfield code="7">0</subfield>
    <subfield code="a">BCEJYS</subfield>
    <subfield code="b">BCEJYS</subfield>
    <subfield code="c">17</subfield>
    <subfield code="d">1974-06-28</subfield>
    <subfield code="h">N&#xBA; 36 - jun. 1974</subfield>
    <subfield code="l">0</subfield>
    <subfield code="o">H338 MIN 36</subfield>
    <subfield code="p">R11625</subfield>
    <subfield code="r">2026-04-10 16:08:20</subfield>
    <subfield code="w">2026-04-10</subfield>
    <subfield code="y">RN</subfield>
  </datafield>
  <datafield tag="952" ind1=" " ind2=" ">
    <subfield code="0">0</subfield>
    <subfield code="1">0</subfield>
    <subfield code="4">0</subfield>
    <subfield code="7">0</subfield>
    <subfield code="a">BCEJYS</subfield>
    <subfield code="b">BCEJYS</subfield>
    <subfield code="c">17</subfield>
    <subfield code="d">1974-06-21</subfield>
    <subfield code="h">N&#xBA; 35 - jun. 1974</subfield>
    <subfield code="l">0</subfield>
    <subfield code="o">H338 MIN 35</subfield>
    <subfield code="p">R11624</subfield>
    <subfield code="r">2026-04-10 16:08:20</subfield>
    <subfield code="w">2026-04-10</subfield>
    <subfield code="y">RN</subfield>
  </datafield>
  <datafield tag="952" ind1=" " ind2=" ">
    <subfield code="0">0</subfield>
    <subfield code="1">0</subfield>
    <subfield code="4">0</subfield>
    <subfield code="7">0</subfield>
    <subfield code="a">BCEJYS</subfield>
    <subfield code="b">BCEJYS</subfield>
    <subfield code="c">17</subfield>
    <subfield code="d">1974-06-14</subfield>
    <subfield code="h">N&#xBA; 34 - jun. 1974</subfield>
    <subfield code="l">0</subfield>
    <subfield code="o">H338 MIN 34</subfield>
    <subfield code="p">R11623</subfield>
    <subfield code="r">2026-04-10 16:08:20</subfield>
    <subfield code="w">2026-04-10</subfield>
    <subfield code="y">RN</subfield>
  </datafield>
  <datafield tag="952" ind1=" " ind2=" ">
    <subfield code="0">0</subfield>
    <subfield code="1">0</subfield>
    <subfield code="4">0</subfield>
    <subfield code="7">0</subfield>
    <subfield code="a">BCEJYS</subfield>
    <subfield code="b">BCEJYS</subfield>
    <subfield code="c">17</subfield>
    <subfield code="d">1974-06-07</subfield>
    <subfield code="h">N&#xBA; 33 - jun. 1974</subfield>
    <subfield code="l">0</subfield>
    <subfield code="o">H338 MIN 33</subfield>
    <subfield code="p">R11622</subfield>
    <subfield code="r">2026-04-10 16:08:20</subfield>
    <subfield code="w">2026-04-10</subfield>
    <subfield code="y">RN</subfield>
  </datafield>
  <datafield tag="952" ind1=" " ind2=" ">
    <subfield code="0">0</subfield>
    <subfield code="1">0</subfield>
    <subfield code="4">0</subfield>
    <subfield code="7">0</subfield>
    <subfield code="a">BCEJYS</subfield>
    <subfield code="b">BCEJYS</subfield>
    <subfield code="c">17</subfield>
    <subfield code="d">1974-05-31</subfield>
    <subfield code="h">N&#xBA; 32 - mayo 1974</subfield>
    <subfield code="l">0</subfield>
    <subfield code="o">H338 MIN 32</subfield>
    <subfield code="p">R11620</subfield>
    <subfield code="r">2026-04-10 16:08:20</subfield>
    <subfield code="w">2026-04-10</subfield>
    <subfield code="y">RN</subfield>
  </datafield>
  <datafield tag="952" ind1=" " ind2=" ">
    <subfield code="0">0</subfield>
    <subfield code="1">0</subfield>
    <subfield code="4">0</subfield>
    <subfield code="7">0</subfield>
    <subfield code="a">BCEJYS</subfield>
    <subfield code="b">BCEJYS</subfield>
    <subfield code="c">17</subfield>
    <subfield code="d">1974-05-24</subfield>
    <subfield code="h">N&#xBA; 31 - mayo 1974</subfield>
    <subfield code="l">0</subfield>
    <subfield code="o">H338 MIN 31</subfield>
    <subfield code="p">R11619</subfield>
    <subfield code="r">2026-04-10 16:08:20</subfield>
    <subfield code="w">2026-04-10</subfield>
    <subfield code="y">RN</subfield>
  </datafield>
  <datafield tag="952" ind1=" " ind2=" ">
    <subfield code="0">0</subfield>
    <subfield code="1">0</subfield>
    <subfield code="4">0</subfield>
    <subfield code="7">0</subfield>
    <subfield code="a">BCEJYS</subfield>
    <subfield code="b">BCEJYS</subfield>
    <subfield code="c">17</subfield>
    <subfield code="d">1974-05-17</subfield>
    <subfield code="h">N&#xBA; 30 - mayo 1974</subfield>
    <subfield code="l">0</subfield>
    <subfield code="o">H338 MIN 30</subfield>
    <subfield code="p">R11618</subfield>
    <subfield code="r">2026-04-10 16:08:20</subfield>
    <subfield code="w">2026-04-10</subfield>
    <subfield code="y">RN</subfield>
  </datafield>
  <datafield tag="952" ind1=" " ind2=" ">
    <subfield code="0">0</subfield>
    <subfield code="1">0</subfield>
    <subfield code="4">0</subfield>
    <subfield code="7">0</subfield>
    <subfield code="a">BCEJYS</subfield>
    <subfield code="b">BCEJYS</subfield>
    <subfield code="c">17</subfield>
    <subfield code="d">1974-05-10</subfield>
    <subfield code="h">N&#xBA; 29 - mayo 1974</subfield>
    <subfield code="l">0</subfield>
    <subfield code="o">H338 MIN 29</subfield>
    <subfield code="p">R11617</subfield>
    <subfield code="r">2026-04-10 16:08:20</subfield>
    <subfield code="w">2026-04-10</subfield>
    <subfield code="y">RN</subfield>
  </datafield>
  <datafield tag="952" ind1=" " ind2=" ">
    <subfield code="0">0</subfield>
    <subfield code="1">0</subfield>
    <subfield code="4">0</subfield>
    <subfield code="7">0</subfield>
    <subfield code="a">BCEJYS</subfield>
    <subfield code="b">BCEJYS</subfield>
    <subfield code="c">17</subfield>
    <subfield code="d">1974-05-03</subfield>
    <subfield code="h">N&#xBA; 28 - mayo 1974</subfield>
    <subfield code="l">0</subfield>
    <subfield code="o">H338 MIN 28</subfield>
    <subfield code="p">R11616</subfield>
    <subfield code="r">2026-04-10 16:08:21</subfield>
    <subfield code="w">2026-04-10</subfield>
    <subfield code="y">RN</subfield>
  </datafield>
  <datafield tag="952" ind1=" " ind2=" ">
    <subfield code="0">0</subfield>
    <subfield code="1">0</subfield>
    <subfield code="4">0</subfield>
    <subfield code="7">0</subfield>
    <subfield code="a">BCEJYS</subfield>
    <subfield code="b">BCEJYS</subfield>
    <subfield code="c">17</subfield>
    <subfield code="d">1974-04-26</subfield>
    <subfield code="h">N&#xBA; 27 - abr. 1974</subfield>
    <subfield code="l">0</subfield>
    <subfield code="o">H338 MIN 27</subfield>
    <subfield code="p">R11615</subfield>
    <subfield code="r">2026-04-10 16:08:21</subfield>
    <subfield code="w">2026-04-10</subfield>
    <subfield code="y">RN</subfield>
  </datafield>
  <datafield tag="952" ind1=" " ind2=" ">
    <subfield code="0">0</subfield>
    <subfield code="1">0</subfield>
    <subfield code="4">0</subfield>
    <subfield code="7">0</subfield>
    <subfield code="a">BCEJYS</subfield>
    <subfield code="b">BCEJYS</subfield>
    <subfield code="c">17</subfield>
    <subfield code="d">1974-04-20</subfield>
    <subfield code="h">N&#xBA; 26/1 - abr. 1974</subfield>
    <subfield code="l">0</subfield>
    <subfield code="o">H338 MIN 26/1</subfield>
    <subfield code="p">R11614</subfield>
    <subfield code="r">2026-04-10 16:08:21</subfield>
    <subfield code="w">2026-04-10</subfield>
    <subfield code="y">RN</subfield>
  </datafield>
  <datafield tag="952" ind1=" " ind2=" ">
    <subfield code="0">0</subfield>
    <subfield code="1">0</subfield>
    <subfield code="4">0</subfield>
    <subfield code="7">0</subfield>
    <subfield code="a">BCEJYS</subfield>
    <subfield code="b">BCEJYS</subfield>
    <subfield code="c">17</subfield>
    <subfield code="d">1974-04-19</subfield>
    <subfield code="h">N&#xBA; 26 - abr. 1974</subfield>
    <subfield code="l">0</subfield>
    <subfield code="o">H338 MIN 26</subfield>
    <subfield code="p">R11613</subfield>
    <subfield code="r">2026-04-10 16:08:21</subfield>
    <subfield code="w">2026-04-10</subfield>
    <subfield code="y">RN</subfield>
  </datafield>
  <datafield tag="952" ind1=" " ind2=" ">
    <subfield code="0">0</subfield>
    <subfield code="1">0</subfield>
    <subfield code="4">0</subfield>
    <subfield code="7">0</subfield>
    <subfield code="a">BCEJYS</subfield>
    <subfield code="b">BCEJYS</subfield>
    <subfield code="c">17</subfield>
    <subfield code="d">1974-04-15</subfield>
    <subfield code="h">N&#xBA; 25 - abr. 1974</subfield>
    <subfield code="l">0</subfield>
    <subfield code="o">H338 MIN 25</subfield>
    <subfield code="p">R11612</subfield>
    <subfield code="r">2026-04-10 16:08:21</subfield>
    <subfield code="w">2026-04-10</subfield>
    <subfield code="y">RN</subfield>
  </datafield>
  <datafield tag="952" ind1=" " ind2=" ">
    <subfield code="0">0</subfield>
    <subfield code="1">0</subfield>
    <subfield code="4">0</subfield>
    <subfield code="7">0</subfield>
    <subfield code="a">BCEJYS</subfield>
    <subfield code="b">BCEJYS</subfield>
    <subfield code="c">17</subfield>
    <subfield code="d">1974-04-05</subfield>
    <subfield code="h">N&#xBA; 24 - abr. 1974</subfield>
    <subfield code="l">0</subfield>
    <subfield code="o">H338 MIN 24</subfield>
    <subfield code="p">R11611</subfield>
    <subfield code="r">2026-04-10 16:08:21</subfield>
    <subfield code="w">2026-04-10</subfield>
    <subfield code="y">RN</subfield>
  </datafield>
  <datafield tag="952" ind1=" " ind2=" ">
    <subfield code="0">0</subfield>
    <subfield code="1">0</subfield>
    <subfield code="4">0</subfield>
    <subfield code="7">0</subfield>
    <subfield code="a">BCEJYS</subfield>
    <subfield code="b">BCEJYS</subfield>
    <subfield code="c">17</subfield>
    <subfield code="d">1974-03-29</subfield>
    <subfield code="h">N&#xBA; 23 - mar. 1974</subfield>
    <subfield code="l">0</subfield>
    <subfield code="o">H338 MIN 23</subfield>
    <subfield code="p">R11610</subfield>
    <subfield code="r">2026-04-10 16:08:21</subfield>
    <subfield code="w">2026-04-10</subfield>
    <subfield code="y">RN</subfield>
  </datafield>
  <datafield tag="952" ind1=" " ind2=" ">
    <subfield code="0">0</subfield>
    <subfield code="1">0</subfield>
    <subfield code="4">0</subfield>
    <subfield code="7">0</subfield>
    <subfield code="a">BCEJYS</subfield>
    <subfield code="b">BCEJYS</subfield>
    <subfield code="c">17</subfield>
    <subfield code="d">1974-03-22</subfield>
    <subfield code="h">N&#xBA; 22 - mar. 1974</subfield>
    <subfield code="l">0</subfield>
    <subfield code="o">H338 MIN 22</subfield>
    <subfield code="p">R11609</subfield>
    <subfield code="r">2026-04-10 16:08:21</subfield>
    <subfield code="w">2026-04-10</subfield>
    <subfield code="y">RN</subfield>
  </datafield>
  <datafield tag="952" ind1=" " ind2=" ">
    <subfield code="0">0</subfield>
    <subfield code="1">0</subfield>
    <subfield code="4">0</subfield>
    <subfield code="7">0</subfield>
    <subfield code="a">BCEJYS</subfield>
    <subfield code="b">BCEJYS</subfield>
    <subfield code="c">17</subfield>
    <subfield code="d">1974-03-08</subfield>
    <subfield code="h">N&#xBA; 20 - mar. 1974</subfield>
    <subfield code="l">0</subfield>
    <subfield code="o">H338 MIN 20</subfield>
    <subfield code="p">R11608</subfield>
    <subfield code="r">2026-04-10 16:08:21</subfield>
    <subfield code="w">2026-04-10</subfield>
    <subfield code="y">RN</subfield>
  </datafield>
  <datafield tag="952" ind1=" " ind2=" ">
    <subfield code="0">0</subfield>
    <subfield code="1">0</subfield>
    <subfield code="4">0</subfield>
    <subfield code="7">0</subfield>
    <subfield code="a">BCEJYS</subfield>
    <subfield code="b">BCEJYS</subfield>
    <subfield code="c">17</subfield>
    <subfield code="d">1974-03-01</subfield>
    <subfield code="h">N&#xBA; 19 - mar. 1974</subfield>
    <subfield code="l">0</subfield>
    <subfield code="o">H338 MIN 19</subfield>
    <subfield code="p">R11607</subfield>
    <subfield code="r">2026-04-10 16:08:21</subfield>
    <subfield code="w">2026-04-10</subfield>
    <subfield code="y">RN</subfield>
  </datafield>
  <datafield tag="952" ind1=" " ind2=" ">
    <subfield code="0">0</subfield>
    <subfield code="1">0</subfield>
    <subfield code="4">0</subfield>
    <subfield code="7">0</subfield>
    <subfield code="a">BCEJYS</subfield>
    <subfield code="b">BCEJYS</subfield>
    <subfield code="c">17</subfield>
    <subfield code="d">1974-02-22</subfield>
    <subfield code="h">N&#xBA; 18 - feb. 1974</subfield>
    <subfield code="l">0</subfield>
    <subfield code="o">H338 MIN 18</subfield>
    <subfield code="p">R11606</subfield>
    <subfield code="r">2026-04-10 16:08:21</subfield>
    <subfield code="w">2026-04-10</subfield>
    <subfield code="y">RN</subfield>
  </datafield>
  <datafield tag="952" ind1=" " ind2=" ">
    <subfield code="0">0</subfield>
    <subfield code="1">0</subfield>
    <subfield code="4">0</subfield>
    <subfield code="7">0</subfield>
    <subfield code="a">BCEJYS</subfield>
    <subfield code="b">BCEJYS</subfield>
    <subfield code="c">17</subfield>
    <subfield code="d">1974-02-15</subfield>
    <subfield code="h">N&#xBA; 17 - feb. 1974</subfield>
    <subfield code="l">0</subfield>
    <subfield code="o">H338 MIN 17</subfield>
    <subfield code="p">R11605</subfield>
    <subfield code="r">2026-04-10 16:08:21</subfield>
    <subfield code="w">2026-04-10</subfield>
    <subfield code="y">RN</subfield>
  </datafield>
  <datafield tag="952" ind1=" " ind2=" ">
    <subfield code="0">0</subfield>
    <subfield code="1">0</subfield>
    <subfield code="4">0</subfield>
    <subfield code="7">0</subfield>
    <subfield code="a">BCEJYS</subfield>
    <subfield code="b">BCEJYS</subfield>
    <subfield code="c">17</subfield>
    <subfield code="d">1974-02-08</subfield>
    <subfield code="h">N&#xBA; 16 - feb. 1974</subfield>
    <subfield code="l">0</subfield>
    <subfield code="o">H338 MIN 16</subfield>
    <subfield code="p">R11604</subfield>
    <subfield code="r">2026-04-10 16:08:21</subfield>
    <subfield code="w">2026-04-10</subfield>
    <subfield code="y">RN</subfield>
  </datafield>
  <datafield tag="952" ind1=" " ind2=" ">
    <subfield code="0">0</subfield>
    <subfield code="1">0</subfield>
    <subfield code="4">0</subfield>
    <subfield code="7">0</subfield>
    <subfield code="a">BCEJYS</subfield>
    <subfield code="b">BCEJYS</subfield>
    <subfield code="c">17</subfield>
    <subfield code="d">1974-02-01</subfield>
    <subfield code="h">N&#xBA; 15 - feb. 1974</subfield>
    <subfield code="l">0</subfield>
    <subfield code="o">H338 MIN 15</subfield>
    <subfield code="p">R11603</subfield>
    <subfield code="r">2026-04-10 16:08:21</subfield>
    <subfield code="w">2026-04-10</subfield>
    <subfield code="y">RN</subfield>
  </datafield>
  <datafield tag="952" ind1=" " ind2=" ">
    <subfield code="0">0</subfield>
    <subfield code="1">0</subfield>
    <subfield code="4">0</subfield>
    <subfield code="7">0</subfield>
    <subfield code="a">BCEJYS</subfield>
    <subfield code="b">BCEJYS</subfield>
    <subfield code="c">17</subfield>
    <subfield code="d">1974-01-25</subfield>
    <subfield code="h">N&#xBA; 14 - ene. 1974</subfield>
    <subfield code="l">0</subfield>
    <subfield code="o">H338 MIN 14</subfield>
    <subfield code="p">R11602</subfield>
    <subfield code="r">2026-04-10 16:08:21</subfield>
    <subfield code="w">2026-04-10</subfield>
    <subfield code="y">RN</subfield>
  </datafield>
  <datafield tag="952" ind1=" " ind2=" ">
    <subfield code="0">0</subfield>
    <subfield code="1">0</subfield>
    <subfield code="4">0</subfield>
    <subfield code="7">0</subfield>
    <subfield code="a">BCEJYS</subfield>
    <subfield code="b">BCEJYS</subfield>
    <subfield code="c">17</subfield>
    <subfield code="d">1974-01-18</subfield>
    <subfield code="h">N&#xBA; 13 - ene. 1974</subfield>
    <subfield code="l">0</subfield>
    <subfield code="o">H338 MIN 13</subfield>
    <subfield code="p">R11601</subfield>
    <subfield code="r">2026-04-10 16:08:21</subfield>
    <subfield code="w">2026-04-10</subfield>
    <subfield code="y">RN</subfield>
  </datafield>
  <datafield tag="952" ind1=" " ind2=" ">
    <subfield code="0">0</subfield>
    <subfield code="1">0</subfield>
    <subfield code="4">0</subfield>
    <subfield code="7">0</subfield>
    <subfield code="a">BCEJYS</subfield>
    <subfield code="b">BCEJYS</subfield>
    <subfield code="c">17</subfield>
    <subfield code="d">1974-01-11</subfield>
    <subfield code="h">N&#xBA; 12 - ene. 1974</subfield>
    <subfield code="l">0</subfield>
    <subfield code="o">H338 MIN 12</subfield>
    <subfield code="p">R11600</subfield>
    <subfield code="r">2026-04-10 16:08:21</subfield>
    <subfield code="w">2026-04-10</subfield>
    <subfield code="y">RN</subfield>
  </datafield>
  <datafield tag="952" ind1=" " ind2=" ">
    <subfield code="0">0</subfield>
    <subfield code="1">0</subfield>
    <subfield code="4">0</subfield>
    <subfield code="7">0</subfield>
    <subfield code="a">BCEJYS</subfield>
    <subfield code="b">BCEJYS</subfield>
    <subfield code="c">17</subfield>
    <subfield code="d">1974-01-04</subfield>
    <subfield code="h">N&#xBA; 11 - ene. 1974</subfield>
    <subfield code="l">0</subfield>
    <subfield code="o">H338 MIN 11</subfield>
    <subfield code="p">R11599</subfield>
    <subfield code="r">2026-04-10 16:08:21</subfield>
    <subfield code="w">2026-04-10</subfield>
    <subfield code="y">RN</subfield>
  </datafield>
  <datafield tag="952" ind1=" " ind2=" ">
    <subfield code="0">0</subfield>
    <subfield code="1">0</subfield>
    <subfield code="4">0</subfield>
    <subfield code="7">0</subfield>
    <subfield code="a">BCEJYS</subfield>
    <subfield code="b">BCEJYS</subfield>
    <subfield code="c">17</subfield>
    <subfield code="d">1973-12-28</subfield>
    <subfield code="h">N&#xBA; 10 - dic. 1973</subfield>
    <subfield code="l">0</subfield>
    <subfield code="o">H338 MIN 10</subfield>
    <subfield code="p">R11598</subfield>
    <subfield code="r">2026-04-10 16:08:21</subfield>
    <subfield code="w">2026-04-10</subfield>
    <subfield code="y">RN</subfield>
  </datafield>
  <datafield tag="952" ind1=" " ind2=" ">
    <subfield code="0">0</subfield>
    <subfield code="1">0</subfield>
    <subfield code="4">0</subfield>
    <subfield code="7">0</subfield>
    <subfield code="a">BCEJYS</subfield>
    <subfield code="b">BCEJYS</subfield>
    <subfield code="c">17</subfield>
    <subfield code="d">1973-12-21</subfield>
    <subfield code="h">N&#xBA; 9 - dic. 1973</subfield>
    <subfield code="l">0</subfield>
    <subfield code="o">H338 MIN 9</subfield>
    <subfield code="p">R11597</subfield>
    <subfield code="r">2026-04-10 16:08:21</subfield>
    <subfield code="w">2026-04-10</subfield>
    <subfield code="y">RN</subfield>
  </datafield>
  <datafield tag="952" ind1=" " ind2=" ">
    <subfield code="0">0</subfield>
    <subfield code="1">0</subfield>
    <subfield code="4">0</subfield>
    <subfield code="7">0</subfield>
    <subfield code="a">BCEJYS</subfield>
    <subfield code="b">BCEJYS</subfield>
    <subfield code="c">17</subfield>
    <subfield code="d">1973-12-14</subfield>
    <subfield code="h">N&#xBA; 8 - dic. 1973</subfield>
    <subfield code="l">0</subfield>
    <subfield code="o">H338 MIN 8</subfield>
    <subfield code="p">R11596</subfield>
    <subfield code="r">2026-04-10 16:08:21</subfield>
    <subfield code="w">2026-04-10</subfield>
    <subfield code="y">RN</subfield>
  </datafield>
  <datafield tag="952" ind1=" " ind2=" ">
    <subfield code="0">0</subfield>
    <subfield code="1">0</subfield>
    <subfield code="4">0</subfield>
    <subfield code="7">0</subfield>
    <subfield code="a">BCEJYS</subfield>
    <subfield code="b">BCEJYS</subfield>
    <subfield code="c">17</subfield>
    <subfield code="d">1973-12-07</subfield>
    <subfield code="h">N&#xBA; 7 - dic. 1973</subfield>
    <subfield code="l">0</subfield>
    <subfield code="o">H338 MIN 7</subfield>
    <subfield code="p">R11595</subfield>
    <subfield code="r">2026-04-10 16:08:21</subfield>
    <subfield code="w">2026-04-10</subfield>
    <subfield code="y">RN</subfield>
  </datafield>
  <datafield tag="952" ind1=" " ind2=" ">
    <subfield code="0">0</subfield>
    <subfield code="1">0</subfield>
    <subfield code="4">0</subfield>
    <subfield code="7">0</subfield>
    <subfield code="a">BCEJYS</subfield>
    <subfield code="b">BCEJYS</subfield>
    <subfield code="c">17</subfield>
    <subfield code="d">1973-11-30</subfield>
    <subfield code="h">N&#xBA; 6 - nov. 1973</subfield>
    <subfield code="l">0</subfield>
    <subfield code="o">H338 MIN 6</subfield>
    <subfield code="p">R11593</subfield>
    <subfield code="r">2026-04-10 16:08:21</subfield>
    <subfield code="w">2026-04-10</subfield>
    <subfield code="y">RN</subfield>
  </datafield>
  <datafield tag="952" ind1=" " ind2=" ">
    <subfield code="0">0</subfield>
    <subfield code="1">0</subfield>
    <subfield code="4">0</subfield>
    <subfield code="7">0</subfield>
    <subfield code="a">BCEJYS</subfield>
    <subfield code="b">BCEJYS</subfield>
    <subfield code="c">17</subfield>
    <subfield code="d">1973-11-23</subfield>
    <subfield code="h">N&#xBA; 5 - nov. 1973</subfield>
    <subfield code="l">0</subfield>
    <subfield code="o">H338 MIN 5</subfield>
    <subfield code="p">R11592</subfield>
    <subfield code="r">2026-04-10 16:08:21</subfield>
    <subfield code="w">2026-04-10</subfield>
    <subfield code="y">RN</subfield>
  </datafield>
  <datafield tag="952" ind1=" " ind2=" ">
    <subfield code="0">0</subfield>
    <subfield code="1">0</subfield>
    <subfield code="4">0</subfield>
    <subfield code="7">0</subfield>
    <subfield code="a">BCEJYS</subfield>
    <subfield code="b">BCEJYS</subfield>
    <subfield code="c">17</subfield>
    <subfield code="d">1973-11-09</subfield>
    <subfield code="h">N&#xBA; 3 - nov. 1973</subfield>
    <subfield code="l">0</subfield>
    <subfield code="o">H338 MIN 3</subfield>
    <subfield code="p">R11591</subfield>
    <subfield code="r">2026-04-10 16:08:21</subfield>
    <subfield code="w">2026-04-10</subfield>
    <subfield code="y">RN</subfield>
  </datafield>
  <datafield tag="952" ind1=" " ind2=" ">
    <subfield code="0">0</subfield>
    <subfield code="1">0</subfield>
    <subfield code="4">0</subfield>
    <subfield code="7">0</subfield>
    <subfield code="a">BCEJYS</subfield>
    <subfield code="b">BCEJYS</subfield>
    <subfield code="c">17</subfield>
    <subfield code="d">1973-11-02</subfield>
    <subfield code="h">N&#xBA; 2 - nov. 1973</subfield>
    <subfield code="l">0</subfield>
    <subfield code="o">H338 MIN 2</subfield>
    <subfield code="p">R11590</subfield>
    <subfield code="r">2026-04-10 16:08:21</subfield>
    <subfield code="w">2026-04-10</subfield>
    <subfield code="y">RN</subfield>
  </datafield>
  <datafield tag="952" ind1=" " ind2=" ">
    <subfield code="0">0</subfield>
    <subfield code="1">0</subfield>
    <subfield code="4">0</subfield>
    <subfield code="7">0</subfield>
    <subfield code="a">BCEJYS</subfield>
    <subfield code="b">BCEJYS</subfield>
    <subfield code="c">17</subfield>
    <subfield code="d">1973-10-26</subfield>
    <subfield code="h">N&#xBA; 1 - oct. 1973</subfield>
    <subfield code="l">0</subfield>
    <subfield code="o">H338 MIN 1</subfield>
    <subfield code="p">R11589</subfield>
    <subfield code="r">2026-04-10 16:08:21</subfield>
    <subfield code="w">2026-04-10</subfield>
    <subfield code="y">RN</subfield>
  </datafield>
</record>
